{"text_format":"3","workbook":"xlsx","n_sheets":1,"sheets":["Hoja1"],"not_rendered":{"images":2},"read":"whole","date_system":"1900"}

{"sheet":"Hoja1","index":0,"n_rows":724,"n_cols":26,"rows_kept":724,"merged":[[0,1,0,23],[2,19,2,23],[4,2,4,3],[4,9,4,17],[4,21,4,23],[5,2,5,3],[5,9,5,17],[6,2,6,3],[6,9,6,17],[6,21,6,23],[7,2,7,3],[7,9,7,17],[7,21,7,23],[9,1,10,1],[9,2,10,2],[9,3,10,3],[9,13,9,15],[9,19,10,19],[9,20,10,20],[9,21,10,21],[9,22,10,22],[9,23,10,23],[719,2,721,15],[719,19,723,23],[723,2,723,3],[723,7,723,15],[725,2,725,3]]}
[null,"INFORME MENSUAL ALMACÉN (IMA)"]
[]
[{"$nulls":17},"Clasificación:",null,"INFORME MENSUAL-SEPTIEMBRE"]
[]
[null,"Est. de Salud:","HOSP HOSP DR. JOSE MANUEL RODRIGUEZ JIMENEZ",{"$nulls":4},"Región de Salud:",null,"Servicio Regional de Salud Metropolitano",{"$nulls":10},"Distribución Promedio:",12]
[null,"Elaborado por:","ANYER PEREZ RODRIGUEZ"]
[null,"Responsable:","JOSE MIGUEL MESA ROMERO",{"$nulls":4},"Módulo:",null,"ALMACEN CENTRAL",{"$nulls":10},"Nivel Máximo:",2]
[null,"Mes Reportado:","SEPTIEMBRE",{"$nulls":4},"Gestión:",null,2025,{"$nulls":10},"Nivel Mínimo:",1]
[]
[null,"Código","Suministro","UDE",null,"A",null,"B",null,"C",null,"C",null,"D",{"$nulls":3},"A+B-C+/-D",null,"Distribución\nPromedio","Distribución\nInsatisfecha","MED","MUD","Cantidad\nRequerida"]
[{"$nulls":5},"Saldo Inicio",null,"Entradas",null,"Consumo",null,"Distribución",null,"Ajuste (+)",null,"Ajuste (-)",null,"Saldo Final"]
[null,"10600402001","Abacavir + lamivudina, 600 + 300 mg, Comprimido oral, Frasco x 30 tabletas","Comprimido",0,0,0,48,0,0,0,48,0,0,0,0,0,0,0,90,0,"0.0","0.0",180,0,54]
[null,"11800301001","Acetato de medroxiprogesterona , 150 mg/ml, Inyectable, Vial x 1ml","Vial",0,0,0,20,0,0,0,20,0,0,0,0,0,0,0,27,0,"0.0","0.0",54,0,98]
[null,"11800101002","Acetato de megestrol, 40 mg, Suspensión oral, Frasco","Frasco",0,0,0,1,0,0,0,1,0,0,0,0,0,0,0,5,0,"0.0","0.0",10,0,1135]
[null,"12500201002","Acetilcisteina, 100 mg /ml, Inyectable, Ampolla x 3 ml","Ampolla",17.85,50,{"v":892.5,"d":"893"},50,{"v":892.5,"d":"893"},0,0,50,{"v":892.5,"d":"893"},0,0,0,0,50,{"v":892.5,"d":"893"},78,0,"0.6","0.6",106,1892.1,383]
[null,"12500201010","Acetilcisteina, 300 mg/ml, Inyectable, Ampolla x 3 ml","Ampolla",0,0,0,0,0,0,0,0,0,0,0,0,0,0,0,77,0,"0.0","0.0",154,0,127]
[null,"10600403005","Aciclovir como sal sodica, 250 mg, Polvo para inyección, Vial","Vial",125.17,270,{"v":33795.9,"d":"33,796"},0,0,0,0,0,0,0,0,0,0,270,{"v":33795.9,"d":"33,796"},30,0,"9.0","9.0",0,0,1239]
[null,"11200501001","Acido acetilsalicilico, 81 mg, Comprimido oral, Blister","Comprimido",0.82,500,410,0,0,0,0,0,0,0,0,0,0,500,410,100,0,"5.0","5.0",0,0,76]
[null,"12700001002","Acido ascorbico (vit. C), 100 mg/ml, Inyectable, Ampolla x 5 ml","Ampolla",6.76,300,{"v":2028,"d":"2,028"},0,0,0,0,100,676,0,0,0,0,200,{"v":1352,"d":"1,352"},100,0,"2.0","2.0",0,0,139]
[null,"12700001003","Acido ascorbico (vit. C), 500mg, Comprimido oral, Blister","Comprimido",1.14,100,114,0,0,0,0,0,0,0,0,0,0,100,114,100,0,"1.0","1.0",100,114,140]
[null,"11000101001","Acido folico, 5 mg, Comprimido oral, Blister","Comprimido",0.14,170,{"v":23.8,"d":"24"},0,0,0,0,0,0,0,0,0,0,170,{"v":23.8,"d":"24"},125,0,"1.4","1.4",80,11.2,64]
[null,"11000101003","Acido folico, 5 mg/mL, Jarabe, Frasco x 120 ml","Frasco",20.68,10,{"v":206.8,"d":"207"},0,0,0,0,0,0,0,0,0,0,10,{"v":206.8,"d":"207"},0,0,"00","00",0,0,1257]
[null,"11000204004","Acido tranxenamico, 500 mg, Inyectable, Vial","Vial",827.25,0,0,0,0,0,0,0,0,0,0,0,0,0,0,32,10,"0.0","0.0",64,52944,1186]
[null,"10500001002","Acido valproico (valproato sodico), 500 mg, Comprimido oral, Blister","Comprimido",4.71,{"v":1980,"d":"1,980"},{"v":9325.8,"d":"9,326"},480,{"v":2260.8,"d":"2,261"},0,0,0,0,0,0,0,0,{"v":2460,"d":"2,460"},{"v":11586.6,"d":"11,587"},281,0,"8.8","8.8",0,0,27]
[null,"12600302002","Agua destilada, , Solución, Galón","Galón",350,96,{"v":33600,"d":"33,600"},0,0,0,0,0,0,0,0,0,0,96,{"v":33600,"d":"33,600"},0,0,"00","00",0,0,136]
[null,"11500101001","Agua oxigenada, 0.03, Solución, Galón","Galón",203.08,13,{"v":2640.04,"d":"2,640"},0,0,0,0,2,{"v":406.16,"d":"406"},0,0,0,0,11,{"v":2233.88,"d":"2,234"},2,0,"5.5","5.5",0,0,82]
[null,"12600303001","Agua para inyectable, , Inyectable, Ampolla x 10 ml","Ampolla",2.77,{"v":7300,"d":"7,300"},{"v":20221,"d":"20,221"},0,0,0,0,{"v":1350,"d":"1,350"},{"v":3739.5,"d":"3,740"},0,0,0,0,{"v":5950,"d":"5,950"},{"v":16481.5,"d":"16,482"},892,0,"6.7","6.7",0,0,137]
[null,"12600303003","Agua para inyectable, , Inyectable, Ampolla x 5 ml","Ampolla",8.8,{"v":1500,"d":"1,500"},{"v":13200,"d":"13,200"},0,0,0,0,0,0,0,0,0,0,{"v":1500,"d":"1,500"},{"v":13200,"d":"13,200"},200,0,"7.5","7.5",0,0,138]
[null,"10600101002","Albendazol (dosis unica), 400 mg/10 ml, Suspensión oral, Frasco x 10 ml","Frasco",3.61,28,{"v":101.08,"d":"101"},0,0,0,0,0,0,0,0,0,0,28,{"v":101.08,"d":"101"},0,0,"00","00",0,0,1138]
[null,"11100101001","Albumina humana, 0.2, Inyectable, Vial 50 ml","Vial",1676.51,70,{"v":117355.7,"d":"117,356"},0,0,0,0,0,0,0,0,0,0,70,{"v":117355.7,"d":"117,356"},21,0,"3.3","3.3",0,0,68]
[null,"12500104008","Albuterol sulfato, 0.63 mg/ml, Solución para inhalación, Frasco x 3 ml","Frasco",0,0,0,0,0,0,0,0,0,0,0,0,0,0,0,80,0,"0.0","0.0",160,0,451]
[null,"11500102002","Alcohol etilico, 0.95, Solución, Galón","Galón",2972,6,{"v":17832,"d":"17,832"},0,0,0,0,0,0,0,0,0,0,6,{"v":17832,"d":"17,832"},2,0,"3.0","3.0",0,0,597]
[null,"11500107002","Alcohol isopropilico, 0.7, Solución, Frasco x 1 l","Frasco",83.53,58,{"v":4844.74,"d":"4,845"},0,0,0,0,20,{"v":1670.6,"d":"1,671"},0,0,0,0,38,{"v":3174.14,"d":"3,174"},25,0,"1.5","1.5",12,1002.36,441]
[null,"11500107001","Alcohol isopropilico, 0.7, Solución, Galón","Galón",496.28,65,{"v":32258.2,"d":"32,258"},0,0,0,0,14,{"v":6947.92,"d":"6,948"},0,0,5,{"v":2481.4,"d":"2,481"},46,{"v":22828.88,"d":"22,829"},12,0,"3.8","3.8",0,0,442]
[null,"12700002001","Alendronato sodico, 70 mg, Comprimido oral, Blister","Comprimido",0.77,100,77,0,0,0,0,0,0,0,0,0,0,100,77,0,0,"00","00",0,0,1189]
[null,"12500201009","Ambroxol hcl solucion, 15 mg/2ml, Inyectable, Ampolla x ml","Ampolla",0,0,0,0,0,0,0,0,0,0,0,0,0,0,0,50,0,"0.0","0.0",100,0,126]
[null,"10600201001","Amikacina, 500 mg, Polvo para inyección, Vial","Vial",20.84,650,{"v":13546,"d":"13,546"},0,0,0,0,50,{"v":1042,"d":"1,042"},0,0,0,0,600,{"v":12504,"d":"12,504"},55,0,"10.9","10.9",0,0,33]
[null,"12500101001","Aminofilina, 25 mg/ml, Inyectable, Ampolla x 10 ml","Ampolla",20.68,165,{"v":3412.2,"d":"3,412"},50,{"v":1034,"d":"1,034"},0,0,0,0,0,0,0,0,215,{"v":4446.2,"d":"4,446"},83,0,"2.6","2.6",0,0,119]
[null,"11200201001","Amiodarona, 200 mg, Comprimido oral, Blister","Comprimido",611.99,150,{"v":91798.5,"d":"91,799"},0,0,0,0,0,0,0,0,0,0,150,{"v":91798.5,"d":"91,799"},0,0,"00","00",0,0,72]
[null,"11200201003","Amiodarona, 50 mg /ml, Inyectable, Ampolla x 3 ml","Ampolla",120,0,0,0,0,0,0,0,0,0,0,0,0,0,0,58,0,"0.0","0.0",116,13920,946]
[null,"12400201001","Amitriptilina, 25 mg, Comprimido oral, Blister","Comprimido",0,500,0,0,0,0,0,0,0,0,0,0,0,500,0,100,0,"5.0","4.0",0,0,1065]
[null,"11200301001","Amlodipina, 10 mg, Comprimido oral, Blister","Comprimido",0.5,100,50,0,0,0,0,0,0,0,0,0,0,100,50,0,0,"00","00",0,0,74]
[null,"10600203003","Amoxicilina + ac. Clavulanico, 500 mg + 125 mg, Comprimido oral, Blister","Comprimido",4.65,330,{"v":1534.5,"d":"1,535"},0,0,0,0,100,465,0,0,0,0,230,{"v":1069.5,"d":"1,070"},198,0,"1.2","1.2",166,771.9,1021]
[null,"10600202002","Amoxicilina, 250 mg/5ml, Polvo para suspensión oral, Frasco x 120 ml","Frasco",28.6,65,{"v":1859,"d":"1,859"},0,0,0,0,0,0,0,0,65,{"v":1859,"d":"1,859"},0,0,20,20,"0.0","0.0",40,1144,343]
[null,"10600204001","Ampicilina (anhidra), 1 g, Polvo para inyección, Vial","Vial",9.35,100,935,0,0,0,0,0,0,0,0,0,0,100,935,58,0,"1.7","1.7",16,149.6,34]
[null,"11200202003","Atenolol, 50 mg, Comprimido oral, Blister","Comprimido",0.21,100,21,0,0,0,0,0,0,0,0,0,0,100,21,100,0,"1.0","1.0",100,21,73]
[null,"12000001002","Atracurio besilato, 10 mg/ml, Inyectable, Ampolla x 2.5 ml","Ampolla",35.65,100,{"v":3565,"d":"3,565"},0,0,0,0,100,{"v":3565,"d":"3,565"},0,0,0,0,0,0,88,0,"0.0","0.0",176,6274.4,376]
[null,"10100301001","Atropina sulfato, 1 mg/ ml, Inyectable, Ampolla x 1 ml","Ampolla",14.3,100,{"v":1430,"d":"1,430"},0,0,0,0,0,0,0,0,50,715,50,715,100,0,"0.5","0.5",150,2145,6]
[null,"10600205002","Azitromicina anhidra, 500 mg, Cápsula oral, Blister","Cápsula",7.01,0,0,800,{"v":5608,"d":"5,608"},0,0,200,{"v":1402,"d":"1,402"},0,0,0,0,600,{"v":4206,"d":"4,206"},478,0,"1.3","1.3",356,2495.56,36]
[null,"10600205001","Azitromicina, 200 mg/5ml, Polvo para suspensión oral, Frasco x 30 ml","Frasco",31.54,373,{"v":11764.42,"d":"11,764"},0,0,0,0,10,{"v":315.4,"d":"315"},0,0,0,0,363,{"v":11449.02,"d":"11,449"},9,0,"40.3","18.8",0,0,35]
[null,"12600201004","Bicarbonato sodico   , 0.1, Inyectable, Ampolla x 10 ml","Ampolla",24.08,138,{"v":3323.04,"d":"3,323"},0,0,0,0,50,{"v":1204,"d":"1,204"},0,0,0,0,88,{"v":2119.04,"d":"2,119"},50,0,"1.8","1.8",12,288.96,481]
[null,"12600201005","Bicarbonato sodico   , 100 mg/ml, Inyectable, Ampolla x 10 ml","Ampolla",0,250,0,0,0,0,0,0,0,0,0,0,0,250,0,0,0,"00","00",0,0,482]
[null,"11200101001","Bisoprolol, 2.5 mg, Comprimido oral, Blister","Comprimido",0,0,0,0,0,0,0,0,0,0,0,0,0,0,0,100,0,"0.0","0.0",200,0,1162]
[null,"11200101002","Bisoprolol, 5 mg, Comprimido oral, Blister","Comprimido",1.98,0,0,0,0,0,0,0,0,0,0,0,0,0,0,100,0,"0.0","0.0",200,396,358]
[null,"12500103002","Bromuro de ipratropio, 0.9 mg/ 3 ml, Solución para inhalación, Frasco","Frasco",19.23,{"v":1140,"d":"1,140"},{"v":21922.2,"d":"21,922"},120,{"v":2307.6,"d":"2,308"},0,0,180,{"v":3461.4,"d":"3,461"},0,0,0,0,{"v":1080,"d":"1,080"},{"v":20768.4,"d":"20,768"},548,0,"2.0","2.0",16,307.68,120]
[null,"12500103003","Bromuro de ipratropio, 20 mcg, Solución para inhalación, Frasco x 20 ml","Frasco",477.79,0,0,0,0,0,0,0,0,0,0,0,0,0,0,7,0,"0.0","0.0",14,6689.06,486]
[null,"12500103006","Bromuro de ipratropio, 500 mcg, Solución para inhalación, Ampolla x 2 ml","Ampolla",74.89,0,0,0,0,0,0,0,0,0,0,0,0,0,0,620,0,"0.0","0.0",{"v":1240,"d":"1,240"},92863.6,121]
[null,"12800002001","Budesonida, 100 mcg , Spray nasal, Frasco","Frasco",533.5,5,{"v":2667.5,"d":"2,668"},0,0,0,0,0,0,0,0,0,0,5,{"v":2667.5,"d":"2,668"},15,0,"0.3","0.3",25,13337.5,485]
[null,"10100203001","Bupivacaina clorhidrato + glucosa, 0.5% +8.5%, Inyectable, Vial x 4 ml","Vial",22.99,340,{"v":7816.6,"d":"7,817"},0,0,0,0,0,0,0,0,0,0,340,{"v":7816.6,"d":"7,817"},0,0,"00","00",0,0,3]
[null,"10100202003","Bupivacaina clorhidrato, 0.005, Inyectable, Ampolla x 20 ml","Ampolla",244.75,50,{"v":12237.5,"d":"12,238"},0,0,0,0,0,0,0,0,0,0,50,{"v":12237.5,"d":"12,238"},17,0,"2.9","2.9",0,0,2]
[null,"11200106006","Candesartan, 16 mg, Comprimido oral, Blister","Comprimido",2.35,500,{"v":1175,"d":"1,175"},0,0,0,0,0,0,0,0,0,0,500,{"v":1175,"d":"1,175"},100,0,"5.0","5.0",0,0,1163]
[null,"11200106007","Candesartan, 32 mg, Comprimido oral, Blister","Comprimido",5.04,100,504,0,0,0,0,0,0,0,0,0,0,100,504,100,0,"1.0","1.0",100,504,1160]
[null,"11200303001","Captoprilo, 25 mg, Comprimido oral sublingual, Blister","Comprimido",63.14,200,{"v":12628,"d":"12,628"},0,0,0,0,0,0,0,0,0,0,200,{"v":12628,"d":"12,628"},100,0,"2.0","2.0",0,0,1169]
[null,"11200303002","Captoprilo, 50 mg, Comprimido oral, Blister","Comprimido",1.59,200,318,0,0,0,0,0,0,0,0,0,0,200,318,0,0,"00","00",0,0,443]
[null,"10500002002","Carbamazepina, 200 mg, Comprimido oral, Blister","Comprimido",1.44,{"v":2700,"d":"2,700"},{"v":3888,"d":"3,888"},0,0,0,0,0,0,0,0,0,0,{"v":2700,"d":"2,700"},{"v":3888,"d":"3,888"},0,0,"00","00",0,0,29]
[null,"10400101001","Carbon activado, , Polvo, Frasco x 50 g","Frasco",3485,10,{"v":34850,"d":"34,850"},0,0,0,0,4,{"v":13940,"d":"13,940"},0,0,0,0,6,{"v":20910,"d":"20,910"},4,0,"1.5","1.5",2,6970,1259]
[null,"12400202001","Carbonato de litio, 300 mg, Comprimido oral, Blister","Comprimido",5.45,400,{"v":2180,"d":"2,180"},0,0,0,0,200,{"v":1090,"d":"1,090"},0,0,0,0,200,{"v":1090,"d":"1,090"},217,0,"0.9","0.9",234,1275.3,118]
[null,"11200102001","Carvedilol, 12.5 mg, Comprimido oral, Blister","Comprimido",0.9,100,90,0,0,0,0,0,0,0,0,0,0,100,90,100,0,"1.0","1.0",100,90,1079]
[null,"11200102003","Carvedilol, 6.25 mg, Comprimido oral, Blister","Comprimido",0.66,0,0,0,0,0,0,0,0,0,0,0,0,0,0,100,0,"0.0","0.0",200,132,1260]
[null,"10600207002","Cefalexina anhidra, 250 mg/5ml, Polvo para suspensión oral, Frasco x 120 ml","Frasco",62.7,18,{"v":1128.6,"d":"1,129"},0,0,0,0,0,0,0,0,0,0,18,{"v":1128.6,"d":"1,129"},10,0,"1.8","1.8",2,125.4,1201]
[null,"10600207003","Cefalexina monohidrato, 500 mg, Cápsula oral, Blister","Cápsula",2.39,0,0,0,0,0,0,0,0,0,0,0,0,0,0,150,0,"0.0","0.0",300,717,1261]
[null,"10600208004","Cefazolina, 1 g, Polvo para inyección, Vial","Vial",29.12,400,{"v":11648,"d":"11,648"},0,0,0,0,0,0,0,0,0,0,400,{"v":11648,"d":"11,648"},66,0,"6.1","6.1",0,0,1097]
[null,"10600209001","Cefepima, 1 g, Polvo para inyección, Vial","Vial",53.45,15,{"v":801.75,"d":"802"},0,0,0,0,0,0,0,0,0,0,15,{"v":801.75,"d":"802"},31,0,"0.5","0.5",47,2512.15,37]
[null,"10600210001","Cefotaxima sodica, 1 g, Polvo para inyección, Vial","Vial",17.9,800,{"v":14320,"d":"14,320"},0,0,0,0,0,0,0,0,0,0,800,{"v":14320,"d":"14,320"},25,0,"32.0","25.0",0,0,38]
[null,"10600212001","Ceftriaxona como sal sodica, 1 g, Polvo para inyección, Vial","Vial",24.2,{"v":1310,"d":"1,310"},{"v":31702,"d":"31,702"},0,0,0,0,340,{"v":8228,"d":"8,228"},0,0,0,0,970,{"v":23474,"d":"23,474"},251,0,"3.9","3.9",0,0,39]
[null,"10300101001","Cetirizina, 10 mg, Comprimido oral, Blister","Comprimido",0.55,0,0,0,0,0,0,0,0,0,0,0,0,0,0,100,0,"0.0","0.0",200,110,1165]
[null,"10300101002","Cetirizina, 5  mg/5ml, Jarabe, Frasco x 60 ml","Frasco",22,8,176,0,0,0,0,0,0,0,0,0,0,8,176,2,0,"4.0","4.0",0,0,1167]
[null,"10600214001","Ciprofloxacina, 2 mg/ml, Inyectable, Vial x 100 ml","Vial",24.87,64,{"v":1591.68,"d":"1,592"},0,0,0,0,0,0,0,0,0,0,64,{"v":1591.68,"d":"1,592"},15,0,"4.3","4.3",0,0,40]
[null,"12400104008","Citicolina, 500 mg, Tableta, Blister","Tableta",12.79,300,{"v":3837,"d":"3,837"},0,0,0,0,0,0,0,0,0,0,300,{"v":3837,"d":"3,837"},100,0,"3.0","3.0",0,0,111]
[null,"10600215001","Claritromicina, 250 mg/5ml, Suspensión oral, Frasco x 60 ml","Frasco",191.09,110,{"v":21019.9,"d":"21,020"},0,0,0,0,25,{"v":4777.25,"d":"4,777"},0,0,0,0,85,{"v":16242.65,"d":"16,243"},24,0,"3.5","3.5",0,0,1080]
[null,"10600216003","Clindamicina, 150 mg/ml, Inyectable, Ampolla x 4 ml","Ampolla",408.17,0,0,250,{"v":102042.5,"d":"102,043"},0,0,150,{"v":61225.5,"d":"61,226"},0,0,0,0,100,{"v":40817,"d":"40,817"},123,150,"0.8","0.8",146,59592.82,344]
[null,"11200502001","Clopidogrel bisulfato, 75 mg, Comprimido oral, Blister","Comprimido",1.16,{"v":1300,"d":"1,300"},{"v":1508,"d":"1,508"},0,0,0,0,0,0,0,0,0,0,{"v":1300,"d":"1,300"},{"v":1508,"d":"1,508"},125,0,"10.4","10.4",0,0,77]
[null,"10600218004","Cloranfenicol succinato sodico, 1 g, Polvo para inyección, Vial","Vial",49.5,0,0,0,0,0,0,0,0,0,0,0,0,0,0,100,0,"0.0","0.0",200,9900,1304]
[null,"11500104003","Clorhexidina gluconato , 0.05, Solución tópica, Galón","Galón",658.9,2,{"v":1317.8,"d":"1,318"},0,0,0,0,0,0,0,0,0,0,2,{"v":1317.8,"d":"1,318"},2,4,"1.0","1.0",2,1317.8,84]
[null,"12400101001","Clorpromazina, 100 mg, Comprimido oral, Blister","Comprimido",1.1,200,220,0,0,0,0,0,0,0,0,0,0,200,220,100,0,"2.0","2.0",0,0,104]
[null,"12400101004","Clorpromazina, 25 mg /ml, Inyectable, Ampolla x 2 ml","Ampolla",27.83,0,0,200,{"v":5566,"d":"5,566"},0,0,100,{"v":2783,"d":"2,783"},0,0,0,0,100,{"v":2783,"d":"2,783"},114,0,"0.9","0.9",128,3562.24,378]
[null,"12400101006","Clorpromazina, 50 mg /ml, Inyectable, Ampolla x 2 ml","Ampolla",30,0,0,0,0,0,0,0,0,0,0,0,0,0,0,165,0,"0.0","0.0",330,9900,685]
[null,"12600202001","Cloruro potasico, 0.2, Inyectable, Ampolla x 10 ml","Ampolla",15.04,550,{"v":8272,"d":"8,272"},0,0,0,0,0,0,0,0,0,0,550,{"v":8272,"d":"8,272"},56,0,"9.8","9.8",0,0,130]
[null,"12600203001","Cloruro sodico, 0.9%, Inyectable, Frasco x 1 l","Frasco",72.39,254,{"v":18387.06,"d":"18,387"},0,0,0,0,204,{"v":14767.56,"d":"14,768"},0,0,0,0,50,{"v":3619.5,"d":"3,620"},151,0,"0.3","0.3",252,18242.28,131]
[null,"12600203003","Cloruro sodico, 0.9%, Inyectable, Frasco x 100 ml","Frasco",29.34,130,{"v":3814.2,"d":"3,814"},300,{"v":8802,"d":"8,802"},0,0,354,{"v":10386.36,"d":"10,386"},0,0,0,0,76,{"v":2229.84,"d":"2,230"},337,120,"0.2","0.2",598,17545.32,133]
[null,"12600203002","Cloruro sodico, 0.9%, Inyectable, Frasco x 500 ml","Frasco",62.36,261,{"v":16275.96,"d":"16,276"},120,{"v":7483.2,"d":"7,483"},0,0,168,{"v":10476.48,"d":"10,476"},0,0,2,{"v":124.72,"d":"125"},211,{"v":13157.96,"d":"13,158"},121,0,"1.7","1.7",31,1933.16,132]
[null,"12400102001","Clozapina, 100 mg, Comprimido oral, Blister","Comprimido",2.9,300,870,0,0,0,0,0,0,0,0,0,0,300,870,120,0,"2.5","2.5",0,0,107]
[null,"12400102002","Clozapina, 25 mg, Comprimido oral, Blister","Comprimido",3.14,0,0,0,0,0,0,0,0,0,0,0,0,0,0,100,0,"0.0","0.0",200,628,108]
[null,"12700020002","Complejo b , (VIT.B1 100 mg, B2 10 mg,  B6 10mg, nicotinamida 100 mg)/ml, Inyectable, Vial x 10ml","Vial",58.85,172,{"v":10122.2,"d":"10,122"},0,0,0,0,0,0,0,0,0,0,172,{"v":10122.2,"d":"10,122"},41,0,"4.2","4.2",0,0,433]
[null,"10300202003","Dexametasona fosfato, 4 mg/ml, Inyectable, Ampolla x 1 ml","Ampolla",19.8,{"v":2400,"d":"2,400"},{"v":47520,"d":"47,520"},0,0,0,0,0,0,0,0,0,0,{"v":2400,"d":"2,400"},{"v":47520,"d":"47,520"},200,0,"12.0","12.0",0,0,1317]
[null,"10300202004","Dexametasona fosfato, 4 mg/ml, Inyectable, Ampolla x 2ml","Ampolla",20.61,300,{"v":6183,"d":"6,183"},100,{"v":2061,"d":"2,061"},0,0,400,{"v":8244,"d":"8,244"},0,0,0,0,0,0,218,0,"0.0","0.0",436,8985.96,341]
[null,"10300202001","Dexametasona, 4 mg, Comprimido oral, Blister","Comprimido",0.55,100,55,0,0,0,0,0,0,0,0,0,0,100,55,0,0,"00","00",0,0,1264]
[null,"12600204001","Dextrosa (glucosa), 0.05, Inyectable, Frasco x 1 l","Frasco",76.23,532,{"v":40554.36,"d":"40,554"},0,0,0,0,0,0,0,0,0,0,532,{"v":40554.36,"d":"40,554"},21,0,"25.3","24.6",0,0,384]
[null,"12600204006","Dextrosa (glucosa), 0.5, Inyectable, Frasco x 500 ml","Frasco",77.91,104,{"v":8102.64,"d":"8,103"},0,0,0,0,0,0,0,0,0,0,104,{"v":8102.64,"d":"8,103"},42,0,"2.5","2.5",0,0,1083]
[null,"12600204005","Dextrosa (glucosa), 0.5, Inyectable, Vial 20 ml","Vial",16.92,550,{"v":9306,"d":"9,306"},0,0,0,0,0,0,0,0,0,0,550,{"v":9306,"d":"9,306"},75,0,"7.3","7.3",0,0,134]
[null,"12600205001","Dextrosa + cloruro sodico, 5% + 0.33%, Inyectable, Frasco x 1 l","Frasco",92.82,444,{"v":41212.08,"d":"41,212"},120,{"v":11138.4,"d":"11,138"},0,0,528,{"v":49008.96,"d":"49,009"},0,0,0,0,36,{"v":3341.52,"d":"3,342"},338,0,"0.1","0.1",640,59404.8,440]
[null,"12600205002","Dextrosa + cloruro sodico, 5% + 0.33%, Inyectable, Frasco x 500 ml","Frasco",88.55,200,{"v":17710,"d":"17,710"},120,{"v":10626,"d":"10,626"},0,0,169,{"v":14964.95,"d":"14,965"},0,0,0,0,151,{"v":13371.05,"d":"13,371"},188,12,"0.8","0.8",225,19923.75,135]
[null,"12600205003","Dextrosa + cloruro sodico, 5% + 0.9%, Inyectable, Frasco x 1 l","Frasco",54.34,276,{"v":14997.84,"d":"14,998"},24,{"v":1304.16,"d":"1,304"},0,0,0,0,0,0,0,0,300,{"v":16302,"d":"16,302"},43,0,"7.0","7.0",0,0,385]
[null,"11500203001","Dialdehido solucion, , Solución, Galón","Galón",794.2,0,0,0,0,0,0,0,0,0,0,0,0,0,0,2,0,"0.0","0.0",4,3176.8,550]
[null,"12400302001","Diazepam, 10 mg, Comprimido oral, Blister","Comprimido",3.58,0,0,0,0,0,0,0,0,0,0,0,0,0,0,925,0,"0.0","0.0",{"v":1850,"d":"1,850"},6623,1142]
[null,"12400302003","Diazepam, 5 mg/ml, Inyectable, Ampolla x 2 ml","Ampolla",17.6,0,0,0,0,0,0,0,0,0,0,0,0,0,0,483,0,"0.0","0.0",966,17001.6,382]
[null,"10200102002","Diclofenaco sodico, 12.5 mg, Supositorio, Blister","Supositorio",9.05,0,0,0,0,0,0,0,0,0,0,0,0,0,0,133,0,"0.0","0.0",266,2407.3,9]
[null,"10200102008","Diclofenaco sodico, 25 mg /ml, Inyectable, Ampolla x 3 ml","Ampolla",1.72,500,860,500,860,0,0,790,{"v":1358.8,"d":"1,359"},0,0,110,{"v":189.2,"d":"189"},100,172,724,110,"0.1","0.1",{"v":1348,"d":"1,348"},2318.56,10]
[null,"10600220003","Dicloxacilina, 500 mg, Polvo para inyección, Vial","Vial",87.36,0,0,0,0,0,0,0,0,0,0,0,0,0,0,20,0,"0.0","0.0",40,3494.4,42]
[null,"10300102001","Difenhidramina, 10 mg/ml, Inyectable, Ampolla x 1 ml","Ampolla",8.28,300,{"v":2484,"d":"2,484"},0,0,0,0,200,{"v":1656,"d":"1,656"},0,0,100,828,0,0,383,400,"0.0","0.0",766,6342.48,21]
[null,"10300102002","Difenhidramina, 12.5 mg/5ml, Jarabe, Frasco x 120 ml","Frasco",10.52,98,{"v":1030.96,"d":"1,031"},0,0,0,0,0,0,0,0,0,0,98,{"v":1030.96,"d":"1,031"},10,0,"9.8","9.8",0,0,340]
[null,"10300102004","Difenhidramina, 25 mg, Comprimido oral, Blister","Comprimido",0.32,{"v":3600,"d":"3,600"},{"v":1152,"d":"1,152"},0,0,0,0,200,64,0,0,0,0,{"v":3400,"d":"3,400"},{"v":1088,"d":"1,088"},267,0,"12.7","11.8",0,0,22]
[null,"11200401001","Digoxina, 0.25 mg/ml, Inyectable, Ampolla x 2 ml","Ampolla",18.93,680,{"v":12872.4,"d":"12,872"},0,0,0,0,0,0,0,0,0,0,680,{"v":12872.4,"d":"12,872"},65,0,"10.5","10.5",0,0,75]
[null,"11200401002","Digoxina, 250 mcg, Comprimido oral, Blister","Comprimido",0.88,0,0,0,0,0,0,0,0,0,0,0,0,0,0,100,0,"0.0","0.0",200,176,1254]
[null,"11700201005","Dimenhidrinato, 50 mg, Inyectable, Ampolla x 1 ml","Ampolla",4.68,100,468,200,936,0,0,300,{"v":1404,"d":"1,404"},0,0,0,0,0,0,184,0,"0.0","0.0",368,1722.24,94]
[null,"11800401001","Dispositivo intrauterino que contiene cobre, , , Unidad","Sobre",0,0,0,5,0,0,0,5,0,0,0,0,0,0,0,5,0,"0.0","0.0",10,0,371]
[null,"11200402002","Dobutamina clorhidrato, 12.5 mg/ml, Inyectable, Vial x 20 ml","Vial",0,0,0,0,0,0,0,0,0,0,0,0,0,0,0,30,0,"0.0","0.0",60,0,717]
[null,"10600414003","Dolutegravir, 50 mg, Comprimido oral, Frasco","Comprimido",0,0,0,0,0,0,0,0,0,0,0,0,0,0,0,141,0,"0.0","0.0",282,0,58]
[null,"11200403001","Dopamina clorhidrato, 40 mg/ml, Inyectable, Ampolla x 5 ml","Ampolla",19.2,200,{"v":3840,"d":"3,840"},0,0,0,0,0,0,0,0,0,0,200,{"v":3840,"d":"3,840"},48,0,"4.2","4.2",0,0,363]
[null,"12700022003","Efedrina sulfato, 60 mg/ml, Inyectable, Ampolla  x 1ml","Ampolla",26.4,0,0,0,0,0,0,0,0,0,0,0,0,0,0,105,0,"0.0","0.0",210,5544,387]
[null,"11200304001","Enalapril maleato, 10 mg, Comprimido oral, Blister","Comprimido",0.31,100,31,0,0,0,0,0,0,0,0,0,0,100,31,100,0,"1.0","1.0",100,31,360]
[null,"11200304002","Enalapril maleato, 20 mg, Comprimido oral, Blister","Comprimido",0.54,{"v":2400,"d":"2,400"},{"v":1296,"d":"1,296"},0,0,0,0,0,0,0,0,0,0,{"v":2400,"d":"2,400"},{"v":1296,"d":"1,296"},0,0,"00","00",0,0,361]
[null,"11000202001","Enoxaparina, 20 mg /0.2 ml, Inyectable, Jeringa precargada","Jeringa precargada",119.36,51,{"v":6087.36,"d":"6,087"},30,{"v":3580.8,"d":"3,581"},0,0,0,0,0,0,0,0,81,{"v":9668.16,"d":"9,668"},42,0,"1.9","1.9",3,358.08,66]
[null,"11000202002","Enoxaparina, 40 mg /0.2 ml, Inyectable, Jeringa precargada","Jeringa precargada",330,30,{"v":9900,"d":"9,900"},0,0,0,0,0,0,0,0,0,0,30,{"v":9900,"d":"9,900"},18,0,"1.7","0.0",6,1980,431]
[null,"10300204001","Epinefrina (adrenalina), 1 mg/mL, Inyectable, Ampolla x 1 ml","Ampolla",20.06,100,{"v":2006,"d":"2,006"},0,0,0,0,0,0,0,0,0,0,100,{"v":2006,"d":"2,006"},153,0,"0.7","0.7",206,4132.36,342]
[null,"11000102001","Eritropoyetina, 4000 UI / ml, Inyectable, Ampolla x1 ml","Ampolla",251.9,100,{"v":25190,"d":"25,190"},0,0,0,0,0,0,0,0,0,0,100,{"v":25190,"d":"25,190"},19,0,"5.3","5.3",0,0,778]
[null,"11800303001","Etinilestradiol + levonorgestrel, 30 mcg + 150 mcg, Comprimido oral, Blister","Comprimido",0,0,0,0,0,0,0,0,0,0,0,0,0,0,0,57,0,"0.0","0.0",114,0,370]
[null,"11800601001","Etonogestrel, 68 mg, Implante, Unidad","Caja",0,0,0,0,0,0,0,0,0,0,0,0,0,0,0,3,0,"0.0","0.0",6,0,100]
[null,"10500003004","Fenitoina sodica, 50 mg/ml, Inyectable, Vial x 5 ml","Vial",29.47,200,{"v":5894,"d":"5,894"},0,0,0,0,0,0,0,0,0,0,200,{"v":5894,"d":"5,894"},69,0,"2.9","2.9",0,0,30]
[null,"10200202001","Fentanilo, 0.1  mg / 2ml, Inyectable, Ampolla x 2 ml","Ampolla",30.23,0,0,0,0,0,0,0,0,0,0,0,0,0,0,85,0,"0.0","0.0",170,5139.1,461]
[null,"10200202002","Fentanilo, 0.5  mg / 10ml, Inyectable, Ampolla x 10ml","Ampolla",76.98,0,0,0,0,0,0,0,0,0,0,0,0,0,0,75,0,"0.0","0.0",150,11547,639]
[null,"10400204004","Fitomenadiona (vit.k), 10 mg/ml, Inyectable, Ampolla x 5 ml","Ampolla",13.66,200,{"v":2732,"d":"2,732"},0,0,0,0,0,0,0,0,0,0,200,{"v":2732,"d":"2,732"},100,0,"2.0","2.0",0,0,26]
[null,"10600302001","Fluconazol, 150 mg, Cápsula oral, Blister","Cápsula",4.16,519,{"v":2159.04,"d":"2,159"},0,0,0,0,100,416,0,0,0,0,419,{"v":1743.04,"d":"1,743"},98,0,"4.3","4.3",0,0,52]
[null,"10600302002","Fluconazol, 2 mg/mL, Inyectable, Vial x 100 ml","Vial",44.27,57,{"v":2523.39,"d":"2,523"},0,0,0,0,0,0,0,0,0,0,57,{"v":2523.39,"d":"2,523"},16,0,"3.6","3.6",0,0,53]
[null,"12400103001","Flufenazina decanoato, 25 mg/ml, Inyectable, Ampolla x 1 ml","Ampolla",682,{"v":1809,"d":"1,809"},{"v":1233738,"d":"1,233,738"},0,0,0,0,0,0,0,0,0,0,{"v":1809,"d":"1,809"},{"v":1233738,"d":"1,233,738"},0,0,"00","00",0,0,109]
[null,"10400205005","Flumazenilo, 1 mg, Inyectable, Ampolla x 10 ml","Ampolla",664.4,70,{"v":46508,"d":"46,508"},0,0,0,0,0,0,0,0,0,0,70,{"v":46508,"d":"46,508"},23,0,"3.0","1.5",0,0,947]
[null,"12400203001","Fluoxetina, 20 mg, Comprimido oral, Blister","Comprimido",0.98,{"v":6900,"d":"6,900"},{"v":6762,"d":"6,762"},0,0,0,0,0,0,0,0,0,0,{"v":6900,"d":"6,900"},{"v":6762,"d":"6,762"},500,0,"13.8","0.0",0,0,381]
[null,"10600225001","Fosfomicina, 1 g, Polvo para inyección, Vial","Vial",132,100,{"v":13200,"d":"13,200"},0,0,0,0,0,0,0,0,0,0,100,{"v":13200,"d":"13,200"},26,0,"3.8","3.0",0,0,782]
[null,"11600005001","Furosemida, 10 mg/ml, Inyectable, Ampolla x 2 ml","Ampolla",1.91,400,764,0,0,0,0,0,0,0,0,0,0,400,764,120,0,"3.3","3.3",0,0,366]
[null,"11600005002","Furosemida, 40 mg, Comprimido oral, Blister","Comprimido",0.42,600,252,0,0,0,0,0,0,0,0,0,0,600,252,0,0,"00","00",0,0,90]
[null,"10600226003","Gentamicina sulfato, 40 mg/ml, Inyectable, Ampolla x 2 ml","Ampolla",2.76,300,828,0,0,0,0,0,0,0,0,0,0,300,828,100,0,"3.0","1.0",0,0,43]
[null,"10600226004","Gentamicina sulfato, 80 mg/ml, Inyectable, Vial x 2 ml","Vial",2.29,900,{"v":2061,"d":"2,061"},0,0,0,0,0,0,0,0,0,0,900,{"v":2061,"d":"2,061"},0,0,"00","00",0,0,783]
[null,"12600206001","Gluconato de calcio, 100 mg/ml, Inyectable, Ampolla x 10 ml","Ampolla",28.82,200,{"v":5764,"d":"5,764"},0,0,0,0,100,{"v":2882,"d":"2,882"},0,0,0,0,100,{"v":2882,"d":"2,882"},100,0,"1.0","1.0",100,2882,554]
[null,"11500204001","Glutaraldehido, 0.02, Solución, Galón","Galón",1787.47,22,{"v":39324.34,"d":"39,324"},0,0,0,0,1,{"v":1787.47,"d":"1,787"},0,0,1,{"v":1787.47,"d":"1,787"},20,{"v":35749.4,"d":"35,749"},2,0,"10.0","10.0",0,0,365]
[null,"12400104005","Haloperidol, 5 mg/ml, Inyectable, Ampolla x 1 ml","Ampolla",110.2,0,0,0,0,0,0,0,0,0,0,0,0,0,0,124,0,"0.0","0.0",248,27329.6,432]
[null,"12400104006","Haloperidol, 5 mg/ml, Inyectable, Ampolla x 2 ml","Ampolla",13.73,0,0,0,0,0,0,0,0,0,0,0,0,0,0,100,0,"0.0","0.0",200,2746,110]
[null,"11000204005","Heparina soldica, 25000 UI/ ml, Inyectable, Vial  5 ml","Vial",0,0,0,0,0,0,0,0,0,0,0,0,0,0,0,20,0,"0.0","0.0",40,0,67]
[null,"11000204001","Heparina soldica, 5000 UI/ ml, Inyectable, Vial  1 ml","Vial",156.59,65,{"v":10178.35,"d":"10,178"},0,0,0,0,0,0,0,0,0,0,65,{"v":10178.35,"d":"10,178"},18,0,"3.6","3.6",0,0,357]
[null,"10300205001","Hidrocortisona sucinato sodico, 100 mg, Polvo para inyección, Vial","Vial",13.58,{"v":1150,"d":"1,150"},{"v":15617,"d":"15,617"},{"v":1000,"d":"1,000"},{"v":13580,"d":"13,580"},0,0,800,{"v":10864,"d":"10,864"},0,0,0,0,{"v":1350,"d":"1,350"},{"v":18333,"d":"18,333"},882,0,"1.5","1.5",414,5622.12,25]
[null,"11100105001","Hierro sacarosa, 100 mg/5 ml, Inyectable, Ampolla x 5 ml","Ampolla",0,0,0,0,0,0,0,0,0,0,0,0,0,0,0,100,0,"0.0","0.0",200,0,936]
[null,"11700501001","Hioscina butilbromuro, 20 mg/ml, Inyectable, Ampolla x 1 ml","Ampolla",34.42,400,{"v":13768,"d":"13,768"},0,0,0,0,0,0,0,0,0,0,400,{"v":13768,"d":"13,768"},50,0,"8.0","8.0",0,0,95]
[null,"10200103004","Ibuprofeno, 400 mg, Comprimido oral, Blister","Comprimido",1.1,0,0,0,0,0,0,0,0,0,0,0,0,0,0,133,0,"0.0","0.0",266,292.6,12]
[null,"10200103005","Ibuprofeno, 600 mg, Comprimido oral, Blister","Comprimido",0.6,100,60,0,0,0,0,0,0,0,0,0,0,100,60,53,0,"1.9","1.9",6,3.6,1200]
[null,"10600246001","Imipenem + cilastatina, 500 mg + 500 mg, Polvo para inyección, Vial","Vial",156.36,205,{"v":32053.8,"d":"32,054"},0,0,0,0,0,0,0,0,0,0,205,{"v":32053.8,"d":"32,054"},23,0,"8.9","8.9",0,0,348]
[null,"11900206001","Inmunoglobulina tetánica, 250 UI, Inyectable, Vial","Vial",714.94,60,{"v":42896.4,"d":"42,896"},30,{"v":21448.2,"d":"21,448"},0,0,90,{"v":64344.6,"d":"64,345"},0,0,0,0,0,0,52,0,"0.0","0.0",104,74353.76,375]
[null,"11800802001","Insulina intermedia nph , 100 UI/ml, Inyectable, Vial x 10 ml","Vial",193.06,20,{"v":3861.2,"d":"3,861"},0,0,0,0,0,0,0,0,0,0,20,{"v":3861.2,"d":"3,861"},10,0,"2.0","2.0",0,0,372]
[null,"11800802003","Insulina mixta 70 / 30 humana, 100 UI/ml, Inyectable, Vial x 10 ml","Vial",190.36,60,{"v":11421.6,"d":"11,422"},0,0,0,0,0,0,0,0,0,0,60,{"v":11421.6,"d":"11,422"},25,0,"2.4","2.4",0,0,373]
[null,"11800802004","Insulina regular (cristalina), 100 UI/ml, Inyectable, Vial x 10 ml","Vial",240.9,10,{"v":2409,"d":"2,409"},0,0,0,0,0,0,0,0,0,0,10,{"v":2409,"d":"2,409"},0,0,"00","00",0,0,374]
[null,"10100104001","Ketamina, 50 mg /ml, Inyectable, Vial x 10 ml","Vial",44,0,0,0,0,0,0,0,0,0,0,0,0,0,0,170,0,"0.0","0.0",340,14960,337]
[null,"10200104002","Ketorolaco trometamol, 30 mg / ml, Inyectable, Ampolla x 1 ml","Ampolla",10.05,200,{"v":2010,"d":"2,010"},0,0,0,0,200,{"v":2010,"d":"2,010"},0,0,0,0,0,0,143,0,"0.0","0.0",286,2874.3,14]
[null,"10200104001","Ketorolaco trometamol, 30 mg / ml, Inyectable, Ampolla x 2 ml","Ampolla",0,0,0,0,0,0,0,0,0,0,0,0,0,0,0,100,0,"0.0","0.0",200,0,13]
[null,"11200305005","Labetalol clorhidrato, 5 mg / ml, Inyectable, Ampolla","Ampolla",483.5,70,{"v":33845,"d":"33,845"},0,0,0,0,0,0,0,0,0,0,70,{"v":33845,"d":"33,845"},13,0,"5.4","5.4",0,0,824]
[null,"12600207001","Lactato de ringer (hartmann), , Inyectable, Frasco x 1000 ml","Frasco",78.95,516,{"v":40738.2,"d":"40,738"},60,{"v":4737,"d":"4,737"},0,0,528,{"v":41685.6,"d":"41,686"},0,0,0,0,48,{"v":3789.6,"d":"3,790"},425,0,"0.1","0.1",802,63317.9,386]
[null,"12600207002","Lactato de ringer (hartmann), , Inyectable, Frasco x 500 ml","Frasco",37.93,70,{"v":2655.1,"d":"2,655"},60,{"v":2275.8,"d":"2,276"},0,0,96,{"v":3641.28,"d":"3,641"},0,0,0,0,34,{"v":1289.62,"d":"1,290"},66,0,"0.5","0.5",98,3717.14,959]
[null,"10600229003","Levofloxacina, 1000 mg, Infusion, Vial","Vial",0,0,0,0,0,0,0,0,0,0,0,0,0,0,0,10,0,"0.0","0.0",20,0,967]
[null,"10600229001","Levofloxacina, 5 mg/ml, Inyectable, Vial x 100 ml","Vial",0,0,0,0,0,0,0,0,0,0,0,0,0,0,0,15,0,"0.0","0.0",30,0,459]
[null,"10600229002","Levofloxacina, 500 mg, Comprimido oral, Blister","Comprimido",13.97,10,{"v":139.7,"d":"140"},50,{"v":698.5,"d":"699"},0,0,0,0,0,0,0,0,60,{"v":838.2,"d":"838"},100,0,"0.6","0.6",140,1955.8,690]
[null,"11800305002","Levonorgestrel, 30 mcg, Comprimido oral, Blister","Comprimido",0,0,0,27,0,0,0,27,0,0,0,0,0,0,0,27,0,"0.0","0.0",54,0,99]
[null,"11800305003","Levonorgestrel, 750 mcg, Comprimido oral, Blister","Comprimido",0,0,0,0,0,0,0,0,0,0,0,0,0,0,0,8,0,"0.0","0.0",16,0,1066]
[null,"11801102003","Levotiroxina sal sodica, 25 mcg, Comprimido oral, Blister","Comprimido",1.89,0,0,0,0,0,0,0,0,0,0,0,0,0,0,100,0,"0.0","0.0",200,378,1096]
[null,"10100205002","Lidocaina clorhidrato + epinefrina, 1 % + 1:200, Inyectable, Vial x 50 ml","Vial",103.55,83,{"v":8594.65,"d":"8,595"},0,0,0,0,0,0,0,0,0,0,83,{"v":8594.65,"d":"8,595"},2,0,"41.5","16.0",0,0,5]
[null,"10100204004","Lidocaina clorhidrato, 0.02, Inyectable, Vial x 20 ml","Vial",27.5,0,0,50,{"v":1375,"d":"1,375"},0,0,0,0,0,0,0,0,50,{"v":1375,"d":"1,375"},10,0,"5.0","5.0",0,0,1265]
[null,"10100204005","Lidocaina clorhidrato, 0.02, Inyectable, Vial x 50 ml","Vial",49.5,12,594,0,0,0,0,5,{"v":247.5,"d":"248"},0,0,0,0,7,{"v":346.5,"d":"347"},7,0,"1.0","1.0",7,346.5,4]
[null,"10300103002","Loratadina, 1 mg/ml, Jarabe, Frasco x 90 ml","Frasco",22.35,49,{"v":1095.15,"d":"1,095"},0,0,0,0,0,0,0,0,0,0,49,{"v":1095.15,"d":"1,095"},6,0,"8.2","8.2",0,0,1266]
[null,"10300103001","Loratadina, 10 mg, Comprimido oral, Blister","Comprimido",0.83,194,{"v":161.02,"d":"161"},0,0,0,0,0,0,0,0,0,0,194,{"v":161.02,"d":"161"},6,0,"32.3","24.0",0,0,1267]
[null,"12400303003","Lorazepam, 2 mg/ml, Inyectable, Ampolla x 1 ml","Ampolla",0,0,0,0,0,0,0,0,0,0,0,0,0,0,0,96,0,"0.0","0.0",192,0,1291]
[null,"11200306001","Losartan, 50 mg, Comprimido oral, Blister","Comprimido",0.36,0,0,0,0,0,0,0,0,0,0,0,0,0,0,100,0,"0.0","0.0",200,72,362]
[null,"11600007002","Manitol, 0.2, Inyectable, Frasco x 250 ml","Frasco",198,0,0,0,0,0,0,0,0,0,0,0,0,0,0,24,0,"0.0","0.0",48,9504,1175]
[null,"10600230001","Meropenem, 1 g, Polvo para inyección, Vial","Vial",221.18,0,0,50,{"v":11059,"d":"11,059"},0,0,50,{"v":11059,"d":"11,059"},0,0,0,0,0,0,38,0,"0.0","0.0",76,16809.68,44]
[null,"11700501002","Metamizol, 1 g/2 ml, Inyectable, Ampolla x 1 ml","Ampolla",123.89,0,0,0,0,0,0,0,0,0,0,0,0,0,0,100,0,"0.0","0.0",200,24778,1220]
[null,"11800803001","Metformina, 500 mg, Comprimido oral, Blister","Comprimido",0.36,0,0,0,0,0,0,0,0,0,0,0,0,0,0,200,0,"0.0","0.0",400,144,1158]
[null,"11800803002","Metformina, 850 mg, Comprimido oral, Blister","Comprimido",0.68,200,136,0,0,0,0,0,0,0,0,0,0,200,136,100,0,"2.0","2.0",0,0,1093]
[null,"11200307002","Metildopa, 500 mg, Comprimido oral, Blister","Comprimido",0,100,0,0,0,0,0,0,0,0,0,0,0,100,0,0,0,"00","00",0,0,1095]
[null,"11800103001","Metilprednisolona, 40 mg /ml, Polvo para inyección, Vial x 1 ml","Vial",54.72,5,{"v":273.6,"d":"274"},400,{"v":21888,"d":"21,888"},0,0,300,{"v":16416,"d":"16,416"},0,0,0,0,105,{"v":5745.6,"d":"5,746"},151,0,"0.7","0.7",197,10779.84,793]
[null,"11800103002","Metilprednisolona, 500 mg, Polvo para inyección, Vial","Vial",113.97,683,{"v":77841.51,"d":"77,842"},100,{"v":11397,"d":"11,397"},0,0,70,{"v":7977.9,"d":"7,978"},0,0,0,0,713,{"v":81260.61,"d":"81,261"},28,0,"25.5","11.0",0,0,96]
[null,"11800103003","Metilprednisolona, 80 mg /ml, Polvo para inyección, Vial x 1 ml","Vial",379.5,10,{"v":3795,"d":"3,795"},300,{"v":113850,"d":"113,850"},0,0,125,{"v":47437.5,"d":"47,438"},0,0,0,0,185,{"v":70207.5,"d":"70,208"},64,0,"2.9","2.9",0,0,369]
[null,"11700201003","Metoclopramida clorhidrato, 5 mg/ml, Inyectable, Ampolla x 2 ml","Ampolla",3.27,200,654,100,327,0,0,200,654,0,0,0,0,100,327,140,0,"0.7","0.7",180,588.6,93]
[null,"10600231002","Metronidazol, 5 mg/ml, Inyectable, Vial x 100 ml","Vial",17.3,0,0,150,{"v":2595,"d":"2,595"},0,0,50,865,0,0,0,0,100,{"v":1730,"d":"1,730"},49,0,"2.0","2.0",0,0,45]
[null,"10100302003","Midazolam, 5 mg/ml, Inyectable, Ampolla x 3 ml","Ampolla",44,0,0,0,0,0,0,0,0,0,0,0,0,0,0,80,0,"0.0","0.0",160,7040,7]
[null,"10200204001","Morfina sulfato o clorhidrato, 10 mg / ml, Inyectable, Ampolla x 1 ml","Ampolla",121,0,0,0,0,0,0,0,0,0,0,0,0,0,0,100,0,"0.0","0.0",200,24200,1253]
[null,"10200205002","Nalbufina, 10 mg / ml, Inyectable, Ampolla x 2 ml","Ampolla",77.23,0,0,0,0,0,0,0,0,0,0,0,0,0,0,203,0,"0.0","0.0",406,31355.38,19]
[null,"12000002002","Neostigmina metilsulfato, 0.5 mg/ml, Inyectable, Ampolla x 1 ml","Ampolla",15.09,200,{"v":3018,"d":"3,018"},0,0,0,0,0,0,0,0,0,0,200,{"v":3018,"d":"3,018"},45,0,"4.4","4.4",0,0,102]
[null,"12200201001","Nifedipina, 10 mg, Comprimido oral de liberación inmediata, Blister","Comprimido",0.15,0,0,0,0,0,0,0,0,0,0,0,0,0,0,100,0,"0.0","0.0",200,30,103]
[null,"10600306004","Nistatina, 100000 UI/ml, Suspensión oral, Frasco x 30 ml","Frasco",38.55,10,{"v":385.5,"d":"386"},2,{"v":77.1,"d":"77"},0,0,0,0,0,0,0,0,12,{"v":462.6,"d":"463"},6,0,"2.0","2.0",0,0,1191]
[null,"11300207002","Nitrofurazona, 0.2%, Crema tópica, Tarro x 1 lb","Tarro",156.85,3,{"v":470.55,"d":"471"},0,0,0,0,0,0,0,0,0,0,3,{"v":470.55,"d":"471"},2,0,"1.5","1.5",1,156.85,80]
[null,"11200104001","Nitroglicerina, 5 mg/ml, Inyectable, Ampolla x 5 ml","Ampolla",170.5,20,{"v":3410,"d":"3,410"},0,0,0,0,0,0,0,0,0,0,20,{"v":3410,"d":"3,410"},0,0,"00","00",0,0,70]
[null,"10300204003","Norepinefrina (noradrenalina), 1 mg/ml , Inyectable, Ampolla x 10 ml","Ampolla",150.48,240,{"v":36115.2,"d":"36,115"},0,0,0,0,0,0,0,0,0,0,240,{"v":36115.2,"d":"36,115"},63,0,"3.8","3.8",0,0,24]
[null,"12400105001","Olanzapina, 10 mg, Comprimido oral, Blister","Comprimido",3.45,700,{"v":2415,"d":"2,415"},100,345,0,0,300,{"v":1035,"d":"1,035"},0,0,0,0,500,{"v":1725,"d":"1,725"},333,0,"1.5","1.5",166,572.7,113]
[null,"12400105003","Olanzapina, 5 mg, Comprimido oral, Blister","Comprimido",1.04,{"v":2000,"d":"2,000"},{"v":2080,"d":"2,080"},0,0,0,0,0,0,0,0,0,0,{"v":2000,"d":"2,000"},{"v":2080,"d":"2,080"},516,0,"3.9","3.9",0,0,114]
[null,"11700101001","Omeprazol, 20 mg, Cápsula oral, Blister","Cápsula",0.43,500,215,0,0,0,0,100,43,0,0,0,0,400,172,167,0,"2.4","2.4",0,0,825]
[null,"11700101003","Omeprazol, 40 mg/ml, Polvo para inyección, Vial","Vial",16.67,0,0,650,{"v":10835.5,"d":"10,836"},0,0,350,{"v":5834.5,"d":"5,835"},0,0,0,0,300,{"v":5001,"d":"5,001"},280,25,"1.1","1.1",260,4334.2,91]
[null,"11300305001","Oxido de zinc, , Loción, Frasco","Frasco",599.75,0,0,0,0,0,0,0,0,0,0,0,0,0,0,9,0,"0.0","0.0",18,10795.5,1091]
[null,"10200107006","Paracetamol, 10 mg/ml, Inyectable, Ampolla x 10ml","Ampolla",58.89,210,{"v":12366.9,"d":"12,367"},0,0,0,0,233,{"v":13721.37,"d":"13,721"},208,{"v":12249.12,"d":"12,249"},50,{"v":2944.5,"d":"2,945"},135,{"v":7950.15,"d":"7,950"},131,20,"1.0","1.0",127,7479.03,18]
[null,"10200107001","Paracetamol, 100 mg, Supositorio, Blister","Supositorio",29.04,400,{"v":11616,"d":"11,616"},0,0,0,0,0,0,0,0,0,0,400,{"v":11616,"d":"11,616"},140,0,"2.9","2.9",0,0,15]
[null,"10200107003","Paracetamol, 125 mg/5ml, Jarabe, Frasco x 120 ml","Frasco",28.05,194,{"v":5441.7,"d":"5,442"},100,{"v":2805,"d":"2,805"},0,0,0,0,0,0,0,0,294,{"v":8246.7,"d":"8,247"},13,0,"22.6","18.7",0,0,16]
[null,"10200107005","Paracetamol, 500 mg, Comprimido oral, Blister","Comprimido",0.69,300,207,300,207,0,0,0,0,0,0,0,0,600,414,283,0,"2.1","2.1",0,0,17]
[null,"10600234001","Penicilina g benzatinica (bencil penicilina) , 1,200,000 UI, Polvo para inyección, Vial","Vial",15.56,250,{"v":3890,"d":"3,890"},0,0,0,0,0,0,0,0,0,0,250,{"v":3890,"d":"3,890"},50,0,"5.0","5.0",0,0,46]
[null,"10600234002","Penicilina g benzatinica (bencil penicilina) , 2,400,000 UI, Polvo para inyección, Vial","Vial",31.9,50,{"v":1595,"d":"1,595"},0,0,0,0,0,0,0,0,0,0,50,{"v":1595,"d":"1,595"},50,0,"1.0","1.0",50,1595,47]
[null,"10600234003","Penicilina g benzatinica (bencil penicilina) , 600,000 UI, Polvo para inyección, Vial","Vial",20.79,100,{"v":2079,"d":"2,079"},0,0,0,0,0,0,0,0,0,0,100,{"v":2079,"d":"2,079"},0,0,"00","00",0,0,1268]
[null,"10600235001","Penicilina g cristalina (bencilpenicilina) en sal sodica o potasica, 1,000,000 UI, Polvo para inyección, Vial","Vial",15.4,100,{"v":1540,"d":"1,540"},0,0,0,0,0,0,0,0,0,0,100,{"v":1540,"d":"1,540"},0,0,"00","00",0,0,1309]
[null,"10600235002","Penicilina g cristalina (bencilpenicilina) en sal sodica o potasica, 5,000,000 UI, Polvo para inyección, Vial","Vial",40.52,100,{"v":4052,"d":"4,052"},0,0,0,0,100,{"v":4052,"d":"4,052"},0,0,0,0,0,0,57,0,"0.0","0.0",114,4619.28,48]
[null,"10600236003","Penicilina g procainica(bencilpenicilina procainica), 4,000,000  UI, Polvo para inyección, Vial","Vial",39.85,150,{"v":5977.5,"d":"5,978"},0,0,0,0,0,0,0,0,0,0,150,{"v":5977.5,"d":"5,978"},0,0,"00","00",0,0,49]
[null,"10600236004","Penicilina g procainica(bencilpenicilina procainica), 400,000 UI, Polvo para inyección, Vial","Vial",19.32,50,966,0,0,0,0,0,0,0,0,0,0,50,966,0,0,"00","00",0,0,1174]
[null,"10600237001","Piperacilina + tazobactam, 4.0 g + 500 mg, Polvo para inyección, Vial","Vial",83.27,35,{"v":2914.45,"d":"2,914"},50,{"v":4163.5,"d":"4,164"},0,0,0,0,0,0,0,0,85,{"v":7077.95,"d":"7,078"},20,0,"4.3","4.3",0,0,1179]
[null,"11800104003","Prednisona, 50 mg, Comprimido oral, Blister","Comprimido",1.43,0,0,0,0,0,0,0,0,0,0,0,0,0,0,100,0,"0.0","0.0",200,286,97]
[null,"10100106001","Propofol, 10 mg / ml, Inyectable, Ampolla x 20 ml","Ampolla",50.97,100,{"v":5097,"d":"5,097"},50,{"v":2548.5,"d":"2,549"},0,0,0,0,0,0,0,0,150,{"v":7645.5,"d":"7,646"},83,0,"1.8","1.8",16,815.52,338]
[null,"10700203001","Propranolol clorhidrato, 20 mg, Comprimido oral, Blister","Comprimido",0,100,0,0,0,0,0,0,0,0,0,0,0,100,0,0,0,"00","00",0,0,356]
[null,"12400106001","Quetiapina, 100 mg, Comprimido oral, Blister","Comprimido",4.57,{"v":1300,"d":"1,300"},{"v":5941,"d":"5,941"},0,0,0,0,0,0,0,0,0,0,{"v":1300,"d":"1,300"},{"v":5941,"d":"5,941"},140,0,"9.3","2.1",0,0,380]
[null,"12400106003","Quetiapina, 25 mg, Comprimido oral, Blister","Comprimido",3.55,220,781,0,0,0,0,0,0,0,0,0,0,220,781,150,0,"1.5","1.5",80,284,115]
[null,"12400106005","Quetiapina, 300 mg, Comprimido oral, Blister","Comprimido",3.92,70,{"v":274.4,"d":"274"},0,0,0,0,0,0,0,0,0,0,70,{"v":274.4,"d":"274"},100,0,"0.7","0.7",130,509.6,952]
[null,"11700102003","Ranitidina clorhidrato, 25 mg/ml, Inyectable, Ampolla x 2 ml","Ampolla",9.6,350,{"v":3360,"d":"3,360"},0,0,0,0,0,0,0,0,0,0,350,{"v":3360,"d":"3,360"},150,0,"2.3","2.3",0,0,367]
[null,"10600243001","Rifampicina + isoniazida + pirazinamida + etambutol, 150 mg + 75 mg + 400 mg + 275 mg, Comprimido oral, Blister","Comprimido",0,0,0,0,0,0,0,0,0,0,0,0,0,0,0,952,0,"0.0","0.0",{"v":1904,"d":"1,904"},0,346]
[null,"10600240003","Rifampicina, 300 mg, Cápsula oral, Blister","Cápsula",0,0,0,100,0,0,0,100,0,0,0,0,0,0,0,100,0,"0.0","0.0",200,0,50]
[null,"12400107001","Risperidona, 1 mg, Comprimido oral, Blister","Comprimido",0,0,0,0,0,0,0,0,0,0,0,0,0,0,0,250,200,"0.0","0.0",500,0,116]
[null,"12400107002","Risperidona, 2 mg, Comprimido oral, Blister","Comprimido",0.48,800,384,0,0,0,0,200,96,0,0,0,0,600,288,220,0,"2.7","2.7",0,0,117]
[null,"12500104005","Salbutamol sulfato, 5 mg/ml, Solución para inhalación, Frasco x 10 ml","Frasco",113.04,800,{"v":90432,"d":"90,432"},0,0,0,0,400,{"v":45216,"d":"45,216"},0,0,0,0,400,{"v":45216,"d":"45,216"},178,0,"2.2","2.2",0,0,122]
[null,"12600101001","Sales de rehidratacion oral con citrato , 27.9 g/L, Polvo oral, Sobre","Sobre",7.96,300,{"v":2388,"d":"2,388"},0,0,0,0,150,{"v":1194,"d":"1,194"},0,0,0,0,150,{"v":1194,"d":"1,194"},155,0,"1.0","1.0",160,1273.6,128]
[null,"12400104012","Sertralina, 100 mg, Tableta, Blister","Tableta",3.88,0,0,0,0,0,0,0,0,0,0,0,0,0,0,175,0,"0.0","0.0",350,1358,1076]
[null,"12400104007","Sertralina, 50 mg, Tableta, Blister","Tableta",2.95,0,0,0,0,0,0,0,0,0,0,0,0,0,0,500,0,"0.0","0.0",{"v":1000,"d":"1,000"},2950,1290]
[null,"10100107001","Sevofluorano, , Solución para inhalación, Frasco  x 250 ml","Frasco",2722.5,21,{"v":57172.5,"d":"57,173"},4,{"v":10890,"d":"10,890"},0,0,4,{"v":10890,"d":"10,890"},0,0,0,0,21,{"v":57172.5,"d":"57,173"},5,0,"4.2","4.2",0,0,1]
[null,"11700102004","Sucralfato granulado, 1 g, , Sobre","Sobre",10.73,140,{"v":1502.2,"d":"1,502"},0,0,0,0,0,0,0,0,0,0,140,{"v":1502.2,"d":"1,502"},61,0,"2.3","2.3",0,0,92]
[null,"11300206003","Sulfadiazina argentica, 0.01, Pomada tópica, Tarro x 400 g","Tarro",340.61,4,{"v":1362.44,"d":"1,362"},0,0,0,0,2,{"v":681.22,"d":"681"},0,0,0,0,2,{"v":681.22,"d":"681"},2,0,"1.0","1.0",2,681.22,79]
[null,"10600244005","Sulfametoxazol +trimetoprim (co-trimoxazol), 800 mg + 160 mg, Comprimido oral, Blister","Comprimido",2.31,{"v":2130,"d":"2,130"},{"v":4920.3,"d":"4,920"},0,0,0,0,0,0,0,0,0,0,{"v":2130,"d":"2,130"},{"v":4920.3,"d":"4,920"},{"v":1067,"d":"1,067"},0,"2.0","0.1",4,9.24,457]
[null,"10500006005","Sulfato de magnesio, 0.2, Inyectable, Ampolla x 10 ml","Ampolla",29.07,325,{"v":9447.75,"d":"9,448"},100,{"v":2907,"d":"2,907"},0,0,100,{"v":2907,"d":"2,907"},0,0,0,0,325,{"v":9447.75,"d":"9,448"},134,0,"2.4","2.4",0,0,31]
[null,"11000106001","Sulfato ferroso+acido folico, 300 mg + 5 mg, Comprimido oral, Blister","Comprimido",0.9,800,720,0,0,0,0,800,720,0,0,0,0,0,0,600,700,"0.0","0.0",{"v":1200,"d":"1,200"},1080,65]
[null,"12000005001","Suxametonio cloruro, 50 mg/ml, Inyectable, Ampolla x 2 ml","Ampolla",380.46,150,{"v":57069,"d":"57,069"},0,0,0,0,0,0,0,0,0,0,150,{"v":57069,"d":"57,069"},0,0,"00","00",0,0,1271]
[null,"12000004003","Suxametonio cloruro, 500 mg, Polvo para inyección, Vial","Vial",380,0,0,0,0,0,0,0,0,0,0,0,0,0,0,40,0,"0.0","0.0",80,30400,377]
[null,"10600418001","Tenofovir + emtricitabina, 300 mg + 200 mg, Comprimido oral, Frasco","Comprimido",0,0,0,0,0,0,0,0,0,0,0,0,0,0,0,120,0,"0.0","0.0",240,0,354]
[null,"10600417001","Tenofovir, 300 mg, Comprimido oral, Frasco x 30 tabletas","Comprimido",0,0,0,0,0,0,0,0,0,0,0,0,0,0,0,16,0,"0.0","0.0",32,0,353]
[null,"10600419004","Tenofovir/emtricitabina/dolutegravir, 25 mg + 200 mg + 50 mg, Tableta, Frasco","Tableta",0,2,0,432,0,0,0,432,0,0,0,0,0,2,0,592,0,"0.0","0.0",{"v":1182,"d":"1,182"},0,61]
[null,"10600419003","Tenofovir/lamivudina/efavirenz, 300 mg + 300 mg + 400 mg, Tableta, Frasco","Tableta",0,0,0,24,0,0,0,24,0,0,0,0,0,0,0,51,0,"0.0","0.0",102,0,786]
[null,"12100105001","Tobramicina, 0.3%, Solución oftálmica, Frasco x 10 ml","Frasco",0,0,0,0,0,0,0,0,0,0,0,0,0,0,0,6,0,"0.0","0.0",12,0,1243]
[null,"12100105002","Tobramicina, 0.3%, Solución oftálmica, Frasco x 5 ml","Frasco",60.5,14,847,0,0,0,0,0,0,0,0,0,0,14,847,7,0,"2.0","2.0",0,0,1242]
[null,"10600245001","Vancomicina, 1 g, Polvo para inyección, Vial","Vial",90.34,0,0,100,{"v":9034,"d":"9,034"},0,0,100,{"v":9034,"d":"9,034"},0,0,0,0,0,0,75,0,"0.0","0.0",150,13551,430]
[null,"10600245002","Vancomicina, 500 mg, Polvo para inyección, Vial","Vial",52.57,100,{"v":5257,"d":"5,257"},50,{"v":2628.5,"d":"2,629"},0,0,50,{"v":2628.5,"d":"2,629"},0,0,0,0,100,{"v":5257,"d":"5,257"},100,50,"1.0","1.0",100,5257,51]
[null,"11500106002","Yodopovidona (povidona yodada), 0.1, Solución tópica, Frasco x 1 l","Frasco",389.33,30,{"v":11679.9,"d":"11,680"},0,0,0,0,0,0,0,0,1,{"v":389.33,"d":"389"},29,{"v":11290.57,"d":"11,291"},2,0,"14.5","14.5",0,0,86]
[null,"11500106004","Yodopovidona (povidona yodada), 0.1, Solución tópica, Galón","Galón",1081.2,8,{"v":8649.6,"d":"8,650"},0,0,0,0,0,0,0,0,0,0,8,{"v":8649.6,"d":"8,650"},2,0,"4.0","4.0",0,0,87]
[null,"20639704001","Agua bidestilada para laboratorio","Galón",199.97,88,{"v":17597.36,"d":"17,597"},0,0,0,0,0,0,0,0,0,0,88,{"v":17597.36,"d":"17,597"},45,0,"2.0","2.0",2,399.94,452]
[null,"21000403002","Aguja raquidea descartable n° 16 g x 3 1/2\"","Empaque",0,0,0,0,0,0,0,0,0,0,0,0,0,0,0,15,0,"0.0","0.0",30,0,397]
[null,"21000403011","Aguja raquidea descartable n° 25 g x 3 1/2\"","Empaque",0,0,0,0,0,0,0,0,0,0,0,0,0,0,0,50,0,"0.0","0.0",100,0,176]
[null,"21000403012","Aguja raquidea descartable n° 26 g x 3 1/2\"","Empaque",15.62,50,781,0,0,0,0,0,0,0,0,0,0,50,781,50,0,"1.0","1.0",50,781,398]
[null,"21029801001","Algodon absorbentex 1 lb","Unidad",152.97,107,{"v":16367.79,"d":"16,368"},0,0,0,0,20,{"v":3059.4,"d":"3,059"},0,0,0,0,87,{"v":13308.39,"d":"13,308"},20,0,"4.4","4.4",0,0,232]
[null,"21029801002","Algodon planchado 4 x 4 rollo","Unidad",9.9,36,{"v":356.4,"d":"356"},12,{"v":118.8,"d":"119"},0,0,48,{"v":475.2,"d":"475"},0,0,0,0,0,0,25,0,"0.0","0.0",50,495,233]
[null,"21029801003","Algodon planchado 6 x 4 rollo","Unidad",13.64,193,{"v":2632.52,"d":"2,633"},0,0,0,0,0,0,0,0,0,0,193,{"v":2632.52,"d":"2,633"},31,0,"6.2","6.2",0,0,234]
[null,"21029801005","Algodon torunda 0.5 g x 1000 bolitas","Paquete",8.32,200,{"v":1664,"d":"1,664"},0,0,0,0,0,0,0,0,0,0,200,{"v":1664,"d":"1,664"},0,0,"00","00",0,0,235]
[null,"21029801007","Algodon torunda 0.7 g x 1000 bolitas","Paquete",8.02,400,{"v":3208,"d":"3,208"},0,0,0,0,0,0,0,0,0,0,400,{"v":3208,"d":"3,208"},0,0,"00","00",0,0,1140]
[null,"21601701001","Aplicador de madera","Unidad",233.5,{"v":2954,"d":"2,954"},{"v":689759,"d":"689,759"},0,0,0,0,0,0,0,0,0,0,{"v":2954,"d":"2,954"},{"v":689759,"d":"689,759"},0,0,"00","00",0,0,257]
[null,"21027701001","Baja lengua madera","Unidad",25.77,69,{"v":1778.13,"d":"1,778"},30,{"v":773.1,"d":"773"},0,0,49,{"v":1262.73,"d":"1,263"},0,0,0,0,50,{"v":1288.5,"d":"1,289"},{"v":3040,"d":"3,040"},{"v":3366,"d":"3,366"},"0.0","0.0",{"v":6030,"d":"6,030"},155393.1,226]
[null,"21019101001","Bajante de sangre","Sobre",0,5,0,0,0,0,0,0,0,0,0,0,0,5,0,18,10,"0.3","0.0",31,0,196]
[null,"21038203001","Bajante de suero con control de flujo cuantificable descartable","Sobre",162.86,250,{"v":40715,"d":"40,715"},0,0,0,0,0,0,0,0,0,0,250,{"v":40715,"d":"40,715"},103,0,"2.4","2.4",0,0,237]
[null,"21038203002","Bajante de suero descartable","Sobre",11.23,{"v":6975,"d":"6,975"},{"v":78329.25,"d":"78,329"},0,0,0,0,425,{"v":4772.75,"d":"4,773"},0,0,0,0,{"v":6550,"d":"6,550"},{"v":73556.5,"d":"73,557"},309,0,"21.2","21.2",0,0,415]
[null,"21003101001","Bata para examen paciente descartable","Paquete",360.52,230,{"v":82919.6,"d":"82,920"},0,0,0,0,40,{"v":14420.8,"d":"14,421"},0,0,0,0,190,{"v":68498.8,"d":"68,499"},73,0,"2.6","2.6",0,0,179]
[null,"21003102001","Bata quirurgica esteril descartable","Funda",57.8,472,{"v":27281.6,"d":"27,282"},0,0,0,0,50,{"v":2890,"d":"2,890"},0,0,0,0,422,{"v":24391.6,"d":"24,392"},68,0,"6.2","5.1",0,0,180]
[null,"20903401006","Bisturi con mango 20","Sobre",0,0,0,0,0,0,0,0,0,0,0,0,0,0,0,20,0,"0.0","0.0",40,0,1247]
[null,"21012405001","Bolsa colectora de orina  2 l","Funda",10.89,500,{"v":5445,"d":"5,445"},0,0,0,0,0,0,0,0,0,0,500,{"v":5445,"d":"5,445"},13,0,"38.5","38.5",0,0,191]
[null,"21012405002","Bolsa colectora de orina 100 ml","Funda",3.04,{"v":1100,"d":"1,100"},{"v":3344,"d":"3,344"},0,0,0,0,0,0,0,0,0,0,{"v":1100,"d":"1,100"},{"v":3344,"d":"3,344"},100,0,"11.0","11.0",0,0,192]
[null,"21012406002","Bolsa colectora de sangre 450 - 500 ml","Funda",125.4,100,{"v":12540,"d":"12,540"},0,0,0,0,0,0,0,0,0,0,100,{"v":12540,"d":"12,540"},2,0,"50.0","14.0",0,0,1173]
[null,"21024901002","Brazalete pediatrico azul","Sobre",1.65,300,495,0,0,0,0,0,0,0,0,0,0,300,495,0,0,"00","00",0,0,766]
[null,"21024901003","Brazalete pediatrico rosado","Sobre",1.43,100,143,0,0,0,0,0,0,0,0,0,0,100,143,0,0,"00","00",0,0,767]
[null,"21239504003","Cal sodada","Unidad",0,0,0,0,0,0,0,0,0,0,0,0,0,0,0,2,0,"0.0","0.0",4,0,254]
[null,"21029703002","Campo desechable (steri drape) fenestrado","Unidad",9.05,500,{"v":4525,"d":"4,525"},0,0,0,0,100,905,0,0,400,{"v":3620,"d":"3,620"},0,0,125,100,"0.0","0.0",250,2262.5,231]
[null,"20205101022","Canula de succion # 8","Unidad",0,0,0,0,0,0,0,0,0,0,0,0,0,0,0,12,0,"0.0","0.0",24,0,143]
[null,"20205102001","Canula nasal oxigeno  pediatrica","Funda",12.09,630,{"v":7616.7,"d":"7,617"},0,0,0,0,150,{"v":1813.5,"d":"1,814"},0,0,0,0,480,{"v":5803.2,"d":"5,803"},56,0,"8.6","8.6",0,0,144]
[null,"20205102003","Canula nasal oxigeno adulto","Funda",15.72,240,{"v":3772.8,"d":"3,773"},0,0,0,0,50,786,0,0,0,0,190,{"v":2986.8,"d":"2,987"},37,0,"5.1","5.1",0,0,145]
[null,"20205102008","Canula nasal oxigeno recien nacido (ram)  n4902","Funda",12.49,205,{"v":2560.45,"d":"2,560"},0,0,0,0,0,0,0,0,0,0,205,{"v":2560.45,"d":"2,560"},23,0,"8.9","8.9",0,0,1168]
[null,"21005101001","Canula yankauer descartable","Sobre",32.67,165,{"v":5390.55,"d":"5,391"},0,0,0,0,30,{"v":980.1,"d":"980"},0,0,0,0,135,{"v":4410.45,"d":"4,410"},26,0,"5.2","5.2",0,0,400]
[null,"20205501001","Cateter epidural descartable n° 16","Sobre",0,0,0,0,0,0,0,0,0,0,0,0,0,0,0,10,0,"0.0","0.0",20,0,146]
[null,"20205501002","Cateter epidural descartable n° 17","Sobre",0,0,0,0,0,0,0,0,0,0,0,0,0,0,0,8,0,"0.0","0.0",16,0,147]
[null,"20205501003","Cateter epidural descartable n° 18","Sobre",3.35,300,{"v":1005,"d":"1,005"},0,0,0,0,0,0,0,0,0,0,300,{"v":1005,"d":"1,005"},23,10,"13.0","13.0",0,0,148]
[null,"21005508002","Cateter venoso central  n° 5.0 fr x 13/16 cm","Empaque",1119.82,4,{"v":4479.28,"d":"4,479"},0,0,0,0,0,0,0,0,0,0,4,{"v":4479.28,"d":"4,479"},3,0,"1.3","1.3",2,2239.64,434]
[null,"21005508004","Cateter venoso central doble lumen n° 4.0 fr x 13 cm","Empaque",7032.91,0,0,0,0,0,0,0,0,0,0,0,0,0,0,4,0,"0.0","0.0",8,56263.28,435]
[null,"21005508005","Cateter venoso central doble lumen n° 4.0 fr x 5/8/13/16 cm","Empaque",0,0,0,0,0,0,0,0,0,0,0,0,0,0,0,4,0,"0.0","0.0",8,0,401]
[null,"21005508006","Cateter venoso central doble lumen n° 5.0 fr x 13/16 cm","Empaque",951.88,8,{"v":7615.04,"d":"7,615"},0,0,0,0,0,0,0,0,8,{"v":7615.04,"d":"7,615"},0,0,7,0,"0.0","0.0",14,13326.32,402]
[null,"21005508007","Cateter venoso central triple lumen n° 7.0 fr x 16/20/30 cm","Empaque",881.22,48,{"v":42298.56,"d":"42,299"},0,0,0,0,6,{"v":5287.32,"d":"5,287"},0,0,0,0,42,{"v":37011.24,"d":"37,011"},7,0,"6.0","5.3",0,0,403]
[null,"21005503003","Cateter venoso periferico (corto) nº 18 g x 2\"","Empaque",8.36,400,{"v":3344,"d":"3,344"},0,0,0,0,0,0,0,0,0,0,400,{"v":3344,"d":"3,344"},100,0,"4.0","4.0",0,0,185]
[null,"21005503004","Cateter venoso periferico (corto) nº 20 g x 1 ¼”","Empaque",9.92,{"v":2150,"d":"2,150"},{"v":21328,"d":"21,328"},0,0,0,0,100,992,0,0,0,0,{"v":2050,"d":"2,050"},{"v":20336,"d":"20,336"},88,0,"23.3","23.3",0,0,186]
[null,"21005503005","Cateter venoso periferico (corto) nº 22 g x 1\"","Empaque",8.85,100,885,400,{"v":3540,"d":"3,540"},0,0,400,{"v":3540,"d":"3,540"},0,0,100,885,0,0,541,500,"0.0","0.0",{"v":1082,"d":"1,082"},9575.7,187]
[null,"21005503006","Cateter venoso periferico (corto) nº 24 g x 3/4\"","Empaque",10.87,{"v":1158,"d":"1,158"},{"v":12587.46,"d":"12,587"},{"v":1500,"d":"1,500"},{"v":16305,"d":"16,305"},0,0,900,{"v":9783,"d":"9,783"},0,0,0,0,{"v":1758,"d":"1,758"},{"v":19109.46,"d":"19,109"},577,0,"3.0","3.0",0,0,188]
[null,"21005701001","Cepillo para muestra cervical de 2 cm con mango de 19 - 20 cm","Empaque",3.7,430,{"v":1591,"d":"1,591"},0,0,0,0,0,0,0,0,0,0,430,{"v":1591,"d":"1,591"},0,0,"00","00",0,0,189]
[null,"21618801001","Cinta de autoclave 19 mm x 50 m","Unidad",81.64,117,{"v":9551.88,"d":"9,552"},0,0,0,0,0,0,0,0,0,0,117,{"v":9551.88,"d":"9,552"},6,0,"19.5","19.5",0,0,258]
[null,"21047701002","Cinta esterilizacion gas 1\" x 60 yd","Unidad",94.98,20,{"v":1899.6,"d":"1,900"},0,0,0,0,0,0,0,0,0,0,20,{"v":1899.6,"d":"1,900"},6,0,"3.3","3.3",0,0,1202]
[null,"20232902001","Circuito de anestesia adulto","Kit",0,14,0,0,0,0,0,0,0,0,0,0,0,14,0,3,0,"4.7","4.7",0,0,1263]
[null,"20232902002","Circuito de anestesia pediatrico","Kit",205.57,24,{"v":4933.68,"d":"4,934"},0,0,0,0,0,0,0,0,0,0,24,{"v":4933.68,"d":"4,934"},4,0,"6.0","6.0",0,0,1262]
[null,"20232902003","Circuito de ventilacion neonatal","Kit",0,0,0,0,0,0,0,0,0,0,0,0,0,0,0,5,0,"0.0","0.0",10,0,1292]
[null,"21106601002","Collarin reutilizable cervical blando pequeño","Caja",87.13,3,{"v":261.39,"d":"261"},0,0,0,0,0,0,0,0,0,0,3,{"v":261.39,"d":"261"},0,0,"00","00",0,0,1081]
[null,"21007001008","Compresa hemostatica quirurgica","Unidad",158.62,370,{"v":58689.4,"d":"58,689"},0,0,0,0,0,0,0,0,0,0,370,{"v":58689.4,"d":"58,689"},10,0,"37.0","19.0",0,0,1236]
[null,"21007301001","Condon femenino","Unidad",0,0,0,0,0,0,0,0,0,0,0,0,0,0,0,30,0,"0.0","0.0",60,0,1274]
[null,"21007301002","Condon masculino","Unidad",0,0,0,0,0,0,0,0,0,0,0,0,0,0,0,216,0,"0.0","0.0",432,0,190]
[null,"21017602002","Curitas largas","Unidad",90.2,53,{"v":4780.6,"d":"4,781"},10,902,0,0,0,0,0,0,0,0,63,{"v":5682.6,"d":"5,683"},100,0,"0.6","0.6",137,12357.4,194]
[null,"20413601001","Electrodo con gel conductor con botón central adulto","Caja",2.32,0,0,200,464,0,0,200,464,0,0,0,0,0,0,258,100,"0.0","0.0",516,1197.12,393]
[null,"21036001001","Empapador de cama tipo movible descartable","Unidad",8.87,0,0,100,887,0,0,100,887,0,0,0,0,0,0,200,150,"0.0","0.0",400,3548,450]
[null,"21038204001","Equipo microgotero con camara graduada 100 ml","Sobre",35.79,590,{"v":21116.1,"d":"21,116"},0,0,0,0,400,{"v":14316,"d":"14,316"},0,0,0,0,190,{"v":6800.1,"d":"6,800"},254,0,"0.7","0.7",318,11381.22,238]
[null,"21038204002","Equipo microgotero con camara graduada 150 ml","Sobre",37.58,{"v":1560,"d":"1,560"},{"v":58624.8,"d":"58,625"},0,0,0,0,0,0,0,0,0,0,{"v":1560,"d":"1,560"},{"v":58624.8,"d":"58,625"},20,0,"78.0","45.0",0,0,239]
[null,"21017601004","Esparadrapo base plastica 1\" x 10 yd","Unidad",91.82,60,{"v":5509.2,"d":"5,509"},0,0,0,0,0,0,0,0,0,0,60,{"v":5509.2,"d":"5,509"},0,0,"00","00",0,0,193]
[null,"21017601006","Esparadrapo base seda (z-o) 1 x 10, 2 x 10, 3 x 10 (tubo x 6 unidades, 2 de cada medida)","Caja",110.06,426,{"v":46885.56,"d":"46,886"},0,0,0,0,240,{"v":26414.4,"d":"26,414"},0,0,0,0,186,{"v":20471.16,"d":"20,471"},151,0,"1.2","1.2",116,12766.96,404]
[null,"21017901002","Especulo vaginal descartable mediano","Empaque",12.66,352,{"v":4456.32,"d":"4,456"},0,0,0,0,0,0,0,0,0,0,352,{"v":4456.32,"d":"4,456"},50,0,"7.0","7.0",0,0,195]
[null,"20601121001","Estandar (calibrador) humano liofilizado multiparametros, Frasco x 5 ml","Frasco",0,0,0,0,0,0,0,0,0,0,0,0,0,0,0,1,0,"0.0","0.0",2,0,167]
[null,"21022902001","Gasa no esteril 36 \"x 100 yd trama (20 x 12)","Unidad",509.74,219,{"v":111633.06,"d":"111,633"},0,0,0,0,10,{"v":5097.4,"d":"5,097"},0,0,0,0,209,{"v":106535.66,"d":"106,536"},6,0,"34.8","34.8",0,0,197]
[null,"20629902002","Gel de sonografía","Galón",1190,2,{"v":2380,"d":"2,380"},0,0,0,0,0,0,0,0,0,0,2,{"v":2380,"d":"2,380"},0,0,"00","00",0,0,171]
[null,"21029702001","Gorro de cirugia descartable para hombre","Unidad",1.28,700,896,100,128,0,0,300,384,0,0,0,0,500,640,360,0,"1.4","1.4",220,281.6,413]
[null,"21029702002","Gorro de cirugia descartable para mujer","Unidad",0.72,800,576,100,72,0,0,500,360,0,0,0,0,400,288,550,0,"0.7","0.7",700,504,230]
[null,"21547901003","Guante de goma nitrilo, Caja x 2000","Caja",2520,{"v":1000,"d":"1,000"},{"v":2520000,"d":"2,520,000"},0,0,0,0,0,0,0,0,0,0,{"v":1000,"d":"1,000"},{"v":2520000,"d":"2,520,000"},0,0,"00","00",0,0,255]
[null,"21023401002","Guante examen de latex con polvo talla large (l)","Unidad",47.75,{"v":84700,"d":"84,700"},{"v":4044425,"d":"4,044,425"},0,0,0,0,{"v":3000,"d":"3,000"},{"v":143250,"d":"143,250"},0,0,300,{"v":14325,"d":"14,325"},{"v":81400,"d":"81,400"},{"v":3886850,"d":"3,886,850"},{"v":3417,"d":"3,417"},0,"23.8","23.8",0,0,198]
[null,"21023401004","Guante examen de latex con polvo talla medium (m)","Unidad",35,{"v":6600,"d":"6,600"},{"v":231000,"d":"231,000"},{"v":12000,"d":"12,000"},{"v":420000,"d":"420,000"},0,0,{"v":14000,"d":"14,000"},{"v":490000,"d":"490,000"},0,0,0,0,{"v":4600,"d":"4,600"},{"v":161000,"d":"161,000"},{"v":11167,"d":"11,167"},0,"0.4","0.4",{"v":17734,"d":"17,734"},620690,199]
[null,"21023401005","Guante examen de latex con polvo talla small (s)","Unidad",1.49,{"v":165000,"d":"165,000"},{"v":245850,"d":"245,850"},0,0,0,0,{"v":1000,"d":"1,000"},{"v":1490,"d":"1,490"},0,0,0,0,{"v":164000,"d":"164,000"},{"v":244360,"d":"244,360"},{"v":1333,"d":"1,333"},0,"123.0","34.0",0,0,406]
[null,"21023402001","Guante quirurgico de latex con polvo n° 6 1/2 (par)","Empaque",0,0,0,0,0,0,0,0,0,0,0,0,0,0,0,75,0,"0.0","0.0",150,0,407]
[null,"21023402002","Guante quirurgico de latex con polvo n° 7 (par)","Empaque",15.53,200,{"v":3106,"d":"3,106"},100,{"v":1553,"d":"1,553"},0,0,200,{"v":3106,"d":"3,106"},0,0,0,0,100,{"v":1553,"d":"1,553"},157,0,"0.6","0.6",214,3323.42,200]
[null,"21023402003","Guante quirurgico de latex con polvo n° 7 1/2 (par)","Empaque",15.37,600,{"v":9222,"d":"9,222"},0,0,0,0,0,0,0,0,0,0,600,{"v":9222,"d":"9,222"},100,0,"6.0","6.0",0,0,201]
[null,"21023402004","Guante quirurgico de latex con polvo n° 8 (par)","Empaque",8.07,{"v":3050,"d":"3,050"},{"v":24613.5,"d":"24,614"},0,0,0,0,0,0,0,0,0,0,{"v":3050,"d":"3,050"},{"v":24613.5,"d":"24,614"},75,0,"40.7","12.9",0,0,408]
[null,"21023402005","Guante quirurgico de latex con polvo n° 8 1/2 (par)","Empaque",11.66,600,{"v":6996,"d":"6,996"},0,0,0,0,0,0,0,0,0,0,600,{"v":6996,"d":"6,996"},0,0,"00","00",0,0,202]
[null,"21003401003","Hoja bisturi descartable n° 11","Sobre",0,0,0,0,0,0,0,0,0,0,0,0,0,0,0,78,0,"0.0","0.0",156,0,399]
[null,"21003401005","Hoja bisturi descartable n° 15","Sobre",3.89,0,0,0,0,0,0,0,0,0,0,0,0,0,0,100,0,"0.0","0.0",200,778,181]
[null,"21003401006","Hoja bisturi descartable n° 20","Sobre",184.8,0,0,0,0,0,0,0,0,0,0,0,0,0,0,83,0,"0.0","0.0",166,30676.8,182]
[null,"21003401007","Hoja bisturi descartable n° 21","Sobre",1.52,0,0,0,0,0,0,0,0,0,0,0,0,0,0,167,0,"0.0","0.0",334,507.68,183]
[null,"21003401008","Hoja bisturi descartable n° 22","Sobre",1.74,300,522,0,0,0,0,0,0,0,0,0,0,300,522,100,0,"3.0","3.0",0,0,184]
[null,"20235501001","Humidificador de oxigeno","Funda",64.88,440,{"v":28547.2,"d":"28,547"},0,0,0,0,70,{"v":4541.6,"d":"4,542"},0,0,0,0,370,{"v":24005.6,"d":"24,006"},31,0,"11.9","11.9",0,0,153]
[null,"21026105001","Jeringa descartable 1 ml con aguja  29 g x 1/2\"","Sobre",0,500,0,0,0,0,0,0,0,0,0,0,0,500,0,0,0,"00","00",0,0,1322]
[null,"21026105013","Jeringa descartable 1 ml con aguja 22 g x 1\" autobloqueante","Sobre",0,0,0,20,0,0,0,0,0,0,0,0,0,20,0,20,0,"1.0","1.0",20,0,1303]
[null,"21026105003","Jeringa descartable 1 ml con aguja 25 g x 5/8\"","Sobre",0,600,0,0,0,0,0,0,0,0,0,0,0,600,0,0,0,"00","00",0,0,1324]
[null,"21026105005","Jeringa descartable 1 ml con aguja 27 g x 1/2\"","Sobre",0,{"v":2400,"d":"2,400"},0,0,0,0,0,100,0,0,0,0,0,{"v":2300,"d":"2,300"},0,100,0,"23.0","23.0",0,0,1321]
[null,"21026105006","Jeringa descartable 10 ml con aguja 21 g x 1 1/2\"","Sobre",2.34,{"v":1400,"d":"1,400"},{"v":3276,"d":"3,276"},{"v":2000,"d":"2,000"},{"v":4680,"d":"4,680"},0,0,{"v":2500,"d":"2,500"},{"v":5850,"d":"5,850"},0,0,0,0,900,{"v":2106,"d":"2,106"},{"v":2843,"d":"2,843"},400,"0.3","0.3",{"v":4786,"d":"4,786"},11199.24,222]
[null,"21026105007","Jeringa descartable 20 ml con aguja  21 g x 1 1/2\"","Sobre",3.85,{"v":2750,"d":"2,750"},{"v":10587.5,"d":"10,588"},0,0,0,0,800,{"v":3080,"d":"3,080"},0,0,0,0,{"v":1950,"d":"1,950"},{"v":7507.5,"d":"7,508"},414,0,"4.7","4.7",0,0,223]
[null,"21026105008","Jeringa descartable 3 ml con aguja  23 g x 1 1/2\"","Sobre",0,102,0,0,0,0,0,{"v":1000,"d":"1,000"},0,{"v":5100,"d":"5,100"},0,102,0,{"v":4100,"d":"4,100"},0,850,400,"4.8","4.8",0,0,1320]
[null,"21026105009","Jeringa descartable 3 ml con aguja 21 g x 1 1/2\"","Sobre",1.73,{"v":21692,"d":"21,692"},{"v":37527.16,"d":"37,527"},0,0,0,0,{"v":1600,"d":"1,600"},{"v":2768,"d":"2,768"},0,0,{"v":2992,"d":"2,992"},{"v":5176.16,"d":"5,176"},{"v":17100,"d":"17,100"},{"v":29583,"d":"29,583"},{"v":2342,"d":"2,342"},0,"7.3","7.3",0,0,224]
[null,"21026105011","Jeringa descartable 5 ml con aguja 21 g x 1 1/2\"","Sobre",1.68,{"v":11896,"d":"11,896"},{"v":19985.28,"d":"19,985"},0,0,0,0,{"v":1400,"d":"1,400"},{"v":2352,"d":"2,352"},0,0,0,0,{"v":10496,"d":"10,496"},{"v":17633.28,"d":"17,633"},{"v":1845,"d":"1,845"},500,"5.7","5.7",0,0,225]
[null,"21026105012","Jeringa descartable 50 ml con aguja 16 g","Sobre",10.09,0,0,100,{"v":1009,"d":"1,009"},0,0,25,{"v":252.25,"d":"252"},0,0,0,0,75,{"v":756.75,"d":"757"},38,0,"2.0","2.0",1,10.09,1326]
[null,"21026102001","Jeringa descartable 50 ml de bulbo sin aguja","Sobre",13.86,57,{"v":790.02,"d":"790"},0,0,0,0,0,0,0,0,0,0,57,{"v":790.02,"d":"790"},3,0,"19.0","19.0",0,0,221]
[null,"21026101001","Jeringa descartable de insulina 1 ml con aguja  27 g x  1/2\"","Sobre",1.57,0,0,0,0,0,0,0,0,0,0,0,0,0,0,310,0,"0.0","0.0",620,973.4,220]
[null,"20629901001","Lanceta descartable","Unidad",58.71,100,{"v":5871,"d":"5,871"},0,0,0,0,100,{"v":5871,"d":"5,871"},0,0,0,0,0,0,100,0,"0.0","0.0",200,11742,686]
[null,"20413401001","Lapiz para electro cauterio","Empaque",51.89,267,{"v":13854.63,"d":"13,855"},0,0,0,0,50,{"v":2594.5,"d":"2,595"},0,0,0,0,217,{"v":11260.13,"d":"11,260"},26,0,"8.3","8.3",0,0,392]
[null,"21038202002","Llave de paso de tres vias descartable","Sobre",12.38,0,0,0,0,0,0,0,0,0,0,0,0,0,0,27,0,"0.0","0.0",54,668.52,236]
[null,"20229601001","Mascarilla de oxigeno adulto","Funda",21.46,368,{"v":7897.28,"d":"7,897"},0,0,0,0,50,{"v":1073,"d":"1,073"},0,0,0,0,318,{"v":6824.28,"d":"6,824"},32,0,"9.9","9.9",0,0,480]
[null,"20229603001","Mascarilla de oxigeno con bolsa de reservorio pediatrica","Kit",27.19,612,{"v":16640.28,"d":"16,640"},0,0,0,0,50,{"v":1359.5,"d":"1,360"},0,0,0,0,562,{"v":15280.78,"d":"15,281"},39,0,"14.4","14.4",0,0,622]
[null,"20229603002","Mascarilla de oxigeno con bolsa reservorio adulto","Kit",89.9,310,{"v":27869,"d":"27,869"},0,0,0,0,0,0,0,0,0,0,310,{"v":27869,"d":"27,869"},18,0,"17.2","11.0",0,0,152]
[null,"20229601002","Mascarilla de oxigeno neonatal","Funda",30.77,28,{"v":861.56,"d":"862"},0,0,0,0,0,0,0,0,0,0,28,{"v":861.56,"d":"862"},22,0,"1.3","1.3",16,492.32,1170]
[null,"20229601003","Mascarilla de oxigeno pediatrica","Funda",20.94,{"v":3200,"d":"3,200"},{"v":67008,"d":"67,008"},0,0,0,0,100,{"v":2094,"d":"2,094"},0,0,0,0,{"v":3100,"d":"3,100"},{"v":64914,"d":"64,914"},38,0,"81.6","52.0",0,0,388]
[null,"21029601002","Mascarilla descartable n95","Unidad",23.1,{"v":1092,"d":"1,092"},{"v":25225.2,"d":"25,225"},0,0,0,0,50,{"v":1155,"d":"1,155"},0,0,0,0,{"v":1042,"d":"1,042"},{"v":24070.2,"d":"24,070"},71,0,"14.7","14.0",0,0,228]
[null,"20229602001","Mascarilla para nebulizacion adulto (kit)","Kit",27.12,{"v":1435,"d":"1,435"},{"v":38917.2,"d":"38,917"},0,0,0,0,0,0,0,0,0,0,{"v":1435,"d":"1,435"},{"v":38917.2,"d":"38,917"},167,0,"8.6","8.6",0,0,150]
[null,"20229602002","Mascarilla para nebulizacion pediatrico (kit)","Kit",28,700,{"v":19600,"d":"19,600"},500,{"v":14000,"d":"14,000"},0,0,950,{"v":26600,"d":"26,600"},0,0,0,0,250,{"v":7000,"d":"7,000"},627,0,"0.4","0.4",{"v":1004,"d":"1,004"},28112,151]
[null,"21029601001","Mascarilla quirurgica descartable","Unidad",3.29,{"v":63200,"d":"63,200"},{"v":207928,"d":"207,928"},0,0,0,0,{"v":2850,"d":"2,850"},{"v":9376.5,"d":"9,377"},0,0,100,329,{"v":60250,"d":"60,250"},{"v":198222.5,"d":"198,223"},{"v":2083,"d":"2,083"},0,"28.9","19.0",0,0,227]
[null,"20534602001","Orinal para hombre","Unidad",50.31,34,{"v":1710.54,"d":"1,711"},0,0,0,0,0,0,0,0,0,0,34,{"v":1710.54,"d":"1,711"},4,0,"8.5","8.5",0,0,718]
[null,"21047902001","Pañal descartable para adulto (l)","Unidad",34.67,100,{"v":3467,"d":"3,467"},50,{"v":1733.5,"d":"1,734"},0,0,20,{"v":693.4,"d":"693"},0,0,0,0,130,{"v":4507.1,"d":"4,507"},13,0,"10.0","10.0",0,0,420]
[null,"21047902002","Pañal descartable para adulto (m)","Unidad",32.54,50,{"v":1627,"d":"1,627"},0,0,0,0,10,{"v":325.4,"d":"325"},0,0,0,0,40,{"v":1301.6,"d":"1,302"},19,10,"2.1","2.1",0,0,1180]
[null,"21047901001","Pañal descartable para neonato","Unidad",0,40,0,0,0,0,0,0,0,0,0,0,0,40,0,20,0,"2.0","2.0",0,0,1182]
[null,"21047901002","Pañal descartable para niños (l)","Unidad",9.14,84,{"v":767.76,"d":"768"},0,0,0,0,0,0,0,0,0,0,84,{"v":767.76,"d":"768"},30,0,"2.8","2.8",0,0,1183]
[null,"21047901003","Pañal descartable para niños (m)","Unidad",8.12,756,{"v":6138.72,"d":"6,139"},0,0,0,0,22,{"v":178.64,"d":"179"},0,0,0,0,734,{"v":5960.08,"d":"5,960"},24,0,"30.6","25.0",0,0,1184]
[null,"21047901004","Pañal descartable para niños (s)","Unidad",7.3,356,{"v":2598.8,"d":"2,599"},0,0,0,0,40,292,0,0,0,0,316,{"v":2306.8,"d":"2,307"},40,0,"7.9","7.9",0,0,1185]
[null,"20436106001","Papel de sonografia 110 mm x 20  m","Unidad",322.78,20,{"v":6455.6,"d":"6,456"},100,{"v":32278,"d":"32,278"},0,0,0,0,0,0,50,{"v":16139,"d":"16,139"},70,{"v":22594.6,"d":"22,595"},0,0,"00","00",0,0,448]
[null,"20436102002","Papel ekg 80mm por 20mm","Unidad",600.05,58,{"v":34802.9,"d":"34,803"},0,0,0,0,0,0,0,0,0,0,58,{"v":34802.9,"d":"34,803"},10,0,"5.8","2.8",0,0,395]
[null,"21029701001","Papel para camilla (20 \" x 50 yda)","Unidad",86.3,56,{"v":4832.8,"d":"4,833"},300,{"v":25890,"d":"25,890"},0,0,200,{"v":17260,"d":"17,260"},0,0,96,{"v":8284.8,"d":"8,285"},60,{"v":5178,"d":"5,178"},199,20,"0.3","0.3",338,29169.4,229]
[null,"20436102006","Papel sonografico upp 110s sony 110mm po 20 mm","Unidad",836.8,0,0,0,0,0,0,0,0,0,0,0,0,0,0,13,10,"0.0","0.0",26,21756.8,396]
[null,"20534601001","Pato para mujer","Unidad",73.54,0,0,0,0,0,0,0,0,0,0,0,0,0,0,3,0,"0.0","0.0",6,441.24,1152]
[null,"21000405002","Pericraneal n° 21","Sobre",4.69,400,{"v":1876,"d":"1,876"},0,0,0,0,200,938,0,0,0,0,200,938,220,0,"0.9","0.9",240,1125.6,177]
[null,"21000405003","Pericraneal n° 23","Sobre",2.88,700,{"v":2016,"d":"2,016"},400,{"v":1152,"d":"1,152"},0,0,400,{"v":1152,"d":"1,152"},0,0,0,0,700,{"v":2016,"d":"2,016"},471,0,"1.5","1.5",242,696.96,453]
[null,"21000405004","Pericraneal n° 25","Sobre",2.83,300,849,500,{"v":1415,"d":"1,415"},0,0,200,566,0,0,0,0,600,{"v":1698,"d":"1,698"},378,0,"1.6","1.6",156,441.48,178]
[null,"20942901001","Perita nasal","Caja",17.59,493,{"v":8671.87,"d":"8,672"},0,0,0,0,60,{"v":1055.4,"d":"1,055"},0,0,0,0,433,{"v":7616.47,"d":"7,616"},65,0,"6.7","6.7",0,0,174]
[null,"20413602001","Placa para electro cauterio","Empaque",192.51,58,{"v":11165.58,"d":"11,166"},100,{"v":19251,"d":"19,251"},0,0,0,0,0,0,0,0,158,{"v":30416.58,"d":"30,417"},15,0,"10.5","10.5",0,0,394]
[null,"20639714001","Prueba tamizaje","Frasco",0,10,0,0,0,0,0,0,0,0,0,0,0,10,0,0,0,"00","00",0,0,172]
[null,"20239801001","Resucitador manual adulto","Caja",312.65,4,{"v":1250.6,"d":"1,251"},0,0,0,0,0,0,0,0,0,0,4,{"v":1250.6,"d":"1,251"},2,0,"2.0","2.0",0,0,154]
[null,"20239801002","Resucitador manual neonatal","Caja",316.71,11,{"v":3483.81,"d":"3,484"},0,0,0,0,0,0,0,0,0,0,11,{"v":3483.81,"d":"3,484"},2,0,"5.5","5.5",0,0,567]
[null,"20239801003","Resucitador manual pediatrico","Caja",308.34,0,0,8,{"v":2466.72,"d":"2,467"},0,0,0,0,0,0,0,0,8,{"v":2466.72,"d":"2,467"},4,0,"2.0","2.0",0,0,566]
[null,"20540002001","Riñonera plastica","Unidad",0,28,0,0,0,0,0,0,0,0,0,0,0,28,0,0,0,"00","00",0,0,1332]
[null,"21012409001","Sello de agua","Unidad",704,0,0,0,0,0,0,0,0,0,0,0,0,0,0,3,0,"0.0","0.0",6,4224,509]
[null,"21042603001","Sonda alimentacion nasoduodenal n° 10","Funda",1595,87,{"v":138765,"d":"138,765"},0,0,0,0,0,0,0,0,0,0,87,{"v":138765,"d":"138,765"},20,0,"4.4","4.4",0,0,1269]
[null,"21042603002","Sonda alimentacion nasoduodenal n° 12","Funda",1754.5,50,{"v":87725,"d":"87,725"},0,0,0,0,0,0,0,0,0,0,50,{"v":87725,"d":"87,725"},20,0,"2.5","2.5",0,0,711]
[null,"21042606004","Sonda aspiracion o succion esteril n° 16","Funda",6,0,0,0,0,0,0,0,0,0,0,0,0,0,0,20,0,"0.0","0.0",40,240,712]
[null,"21042604001","Sonda de alimentacion nasogastrica tipo levin n° 10 fr (levin)","Funda",66.76,0,0,0,0,0,0,0,0,0,0,0,0,0,0,15,10,"0.0","0.0",30,2002.8,245]
[null,"21042604002","Sonda de alimentacion nasogastrica tipo levin n° 12 fr (levin)","Funda",391.5,202,{"v":79083,"d":"79,083"},0,0,0,0,10,{"v":3915,"d":"3,915"},0,0,0,0,192,{"v":75168,"d":"75,168"},10,0,"19.2","4.5",0,0,246]
[null,"21042604003","Sonda de alimentacion nasogastrica tipo levin n° 14 fr (levin)","Funda",6.05,0,0,0,0,0,0,0,0,0,0,0,0,0,0,9,10,"0.0","0.0",18,108.9,247]
[null,"21042604004","Sonda de alimentacion nasogastrica tipo levin n° 16 fr (levin)","Funda",7.44,229,{"v":1703.76,"d":"1,704"},0,0,0,0,0,0,0,0,0,0,229,{"v":1703.76,"d":"1,704"},13,0,"17.6","17.6",0,0,713]
[null,"21042604005","Sonda de alimentacion nasogastrica tipo levin n° 18 fr (levin)","Funda",6.96,43,{"v":299.28,"d":"299"},0,0,0,0,0,0,0,0,0,0,43,{"v":299.28,"d":"299"},0,0,"00","00",0,0,714]
[null,"21042604006","Sonda de alimentacion nasogastrica tipo levin n° 20 fr (levin)","Funda",5.68,24,{"v":136.32,"d":"136"},0,0,0,0,0,0,0,0,0,0,24,{"v":136.32,"d":"136"},0,0,"00","00",0,0,715]
[null,"21042604007","Sonda de alimentacion nasogastrica tipo levin n° 5 fr","Funda",5.83,74,{"v":431.42,"d":"431"},0,0,0,0,10,{"v":58.3,"d":"58"},0,0,0,0,64,{"v":373.12,"d":"373"},10,0,"6.4","6.4",0,0,248]
[null,"21042604008","Sonda de alimentacion nasogastrica tipo levin n° 6 fr (levin)","Funda",5.3,606,{"v":3211.8,"d":"3,212"},0,0,0,0,0,0,0,0,0,0,606,{"v":3211.8,"d":"3,212"},150,0,"4.0","4.0",0,0,1246]
[null,"21042604009","Sonda de alimentacion nasogastrica tipo levin n° 8 fr (levin)","Funda",5.32,300,{"v":1596,"d":"1,596"},0,0,0,0,100,532,0,0,0,0,200,{"v":1064,"d":"1,064"},78,10,"2.6","2.6",0,0,249]
[null,"21042604011","Sonda nutricion enteral n° 10","Funda",2090.05,0,0,0,0,0,0,0,0,0,0,0,0,0,0,3,0,"0.0","0.0",6,12540.3,1255]
[null,"21042604012","Sonda nutricion enteral n° 8","Funda",2585.11,0,0,0,0,0,0,0,0,0,0,0,0,0,0,12,0,"0.0","0.0",24,62042.64,1256]
[null,"21042602001","Sonda vesical tipo foley 2 vias n° 10","Funda",54.91,26,{"v":1427.66,"d":"1,428"},0,0,0,0,0,0,0,0,0,0,26,{"v":1427.66,"d":"1,428"},7,0,"3.7","3.7",0,0,240]
[null,"21042602002","Sonda vesical tipo foley 2 vias n° 12","Funda",49.86,32,{"v":1595.52,"d":"1,596"},0,0,0,0,0,0,0,0,0,0,32,{"v":1595.52,"d":"1,596"},9,0,"3.6","3.6",0,0,241]
[null,"21042602003","Sonda vesical tipo foley 2 vias n° 14","Funda",26.35,80,{"v":2108,"d":"2,108"},0,0,0,0,0,0,0,0,0,0,80,{"v":2108,"d":"2,108"},10,0,"8.0","8.0",0,0,242]
[null,"21042602004","Sonda vesical tipo foley 2 vias n° 16","Funda",32.21,40,{"v":1288.4,"d":"1,288"},0,0,0,0,0,0,0,0,0,0,40,{"v":1288.4,"d":"1,288"},10,0,"4.0","4.0",0,0,243]
[null,"21042602005","Sonda vesical tipo foley 2 vias n° 18","Funda",18.56,24,{"v":445.44,"d":"445"},0,0,0,0,0,0,0,0,0,0,24,{"v":445.44,"d":"445"},10,0,"2.4","2.4",0,0,416]
[null,"21042602007","Sonda vesical tipo foley 2 vias n° 22","Funda",65.75,10,{"v":657.5,"d":"658"},0,0,0,0,0,0,0,0,0,0,10,{"v":657.5,"d":"658"},0,0,"00","00",0,0,1318]
[null,"21042602009","Sonda vesical tipo foley 2 vias n° 8","Funda",80.46,20,{"v":1609.2,"d":"1,609"},0,0,0,0,0,0,0,0,0,0,20,{"v":1609.2,"d":"1,609"},10,0,"2.0","2.0",0,0,244]
[null,"20601128001","Suero anti a , Frasco x 10 ml","Frasco",1750,3,{"v":5250,"d":"5,250"},0,0,0,0,0,0,0,0,0,0,3,{"v":5250,"d":"5,250"},0,0,"00","00",0,0,168]
[null,"21024102003","Sutura antimicrobiana de poliglactina trenzado 0 con aguja curva roma 1/2 de 22 mm x 70 cm","Sobre",77,288,{"v":22176,"d":"22,176"},0,0,0,0,0,0,0,0,0,0,288,{"v":22176,"d":"22,176"},0,0,"00","00",0,0,610]
[null,"21024102006","Sutura antimicrobiana de poliglactina trenzado 2-0 con aguja curva cortante 1/2 de 27 mm x 70 cm","Sobre",0,0,0,0,0,0,0,0,0,0,0,0,0,0,0,24,0,"0.0","0.0",48,0,1258]
[null,"21024102002","Sutura antimicrobiana de poliglactina trenzado 3-0 con aguja curva roma 1/2 de 26 mm x 70 cm","Sobre",121.28,{"v":1524,"d":"1,524"},{"v":184830.72,"d":"184,831"},96,{"v":11642.88,"d":"11,643"},0,0,0,0,0,0,0,0,{"v":1620,"d":"1,620"},{"v":196473.6,"d":"196,474"},96,0,"16.9","9.4",0,0,203]
[null,"21024102012","Sutura antimicrobiana de poliglactina trenzado 4-0 con aguja curva roma 1/2 de 26 mm x 70 cm","Sobre",46,0,0,0,0,0,0,0,0,0,0,0,0,0,0,48,0,"0.0","0.0",96,4416,204]
[null,"21024102014","Sutura antimicrobiana de poliglactina trenzado 5-0 con aguja curva roma 1/2 de 17 mm x 70 cm","Sobre",84.96,0,0,0,0,0,0,0,0,0,0,0,0,0,0,36,0,"0.0","0.0",72,6117.12,449]
[null,"21024104002","Sutura de acido poliglicolico 2-0 con  aguja curva cortante 3/8 de 24 mm x 75 cm","Sobre",60.5,24,{"v":1452,"d":"1,452"},0,0,0,0,0,0,0,0,0,0,24,{"v":1452,"d":"1,452"},0,0,"00","00",0,0,438]
[null,"21024105010","Sutura de catgut cromado 0 con aguja curva roma 1/2 de 25 mm x 70 mm","Sobre",36.56,288,{"v":10529.28,"d":"10,529"},0,0,0,0,0,0,0,0,0,0,288,{"v":10529.28,"d":"10,529"},0,0,"00","00",0,0,1319]
[null,"21024105002","Sutura de catgut cromado 1-0 con aguja curva roma 1/2 de 36.4 mm x 70 cm","Sobre",32.66,0,0,0,0,0,0,0,0,0,0,0,0,0,0,24,0,"0.0","0.0",48,1567.68,208]
[null,"21024105004","Sutura de catgut cromado 2-0 con aguja curva roma 1/2 de 36.4 mm x 70 cm","Sobre",47.29,192,{"v":9079.68,"d":"9,080"},0,0,0,0,0,0,0,0,0,0,192,{"v":9079.68,"d":"9,080"},24,0,"8.0","8.0",0,0,209]
[null,"21024105006","Sutura de catgut cromado 3-0 con aguja curva roma 1/2  de 25 mm x 70 cm","Sobre",69.65,96,{"v":6686.4,"d":"6,686"},0,0,0,0,0,0,0,0,0,0,96,{"v":6686.4,"d":"6,686"},48,0,"2.0","2.0",0,0,210]
[null,"21024105007","Sutura de catgut cromado 4-0 con aguja curva roma 1/2 de 25 mm x 70 cm","Sobre",35.34,192,{"v":6785.28,"d":"6,785"},0,0,0,0,0,0,0,0,0,0,192,{"v":6785.28,"d":"6,785"},36,0,"5.3","5.3",0,0,211]
[null,"21024106003","Sutura de nailon monofilamento 2-0 con aguja curva cortante 3/8 de 18.7 mm x 75 cm","Sobre",2489.5,0,0,0,0,0,0,0,0,0,0,0,0,0,0,32,0,"0.0","0.0",64,159328,212]
[null,"21024106004","Sutura de nailon monofilamento 2-0 con aguja curva cortante 3/8 de 26 mm x 45 cm (tendones)","Sobre",22.55,48,{"v":1082.4,"d":"1,082"},0,0,0,0,0,0,0,0,0,0,48,{"v":1082.4,"d":"1,082"},0,0,"00","00",0,0,1341]
[null,"21024106005","Sutura de nailon monofilamento 2-0 con aguja curva cortante 3/8 de 63 mm x 45 cm","Sobre",39.72,264,{"v":10486.08,"d":"10,486"},0,0,0,0,0,0,0,0,0,0,264,{"v":10486.08,"d":"10,486"},36,0,"7.3","7.3",0,0,609]
[null,"21024106006","Sutura de nailon monofilamento 3-0  con aguja curva cortante 3/8 de 24.3 mm x 45 cm","Sobre",1111.74,528,{"v":586998.72,"d":"586,999"},96,{"v":106727.04,"d":"106,727"},0,0,24,{"v":26681.76,"d":"26,682"},0,0,0,0,600,{"v":667044,"d":"667,044"},46,0,"13.0","13.0",0,0,608]
[null,"21024106012","Sutura de nailon monofilamento 4-0 con aguja curva cortante 3/8 de 13 mm x 45 cm (tendones)","Sobre",548.63,840,{"v":460849.2,"d":"460,849"},0,0,0,0,24,{"v":13167.12,"d":"13,167"},0,0,0,0,816,{"v":447682.08,"d":"447,682"},29,0,"28.1","26.7",0,0,409]
[null,"21024106013","Sutura de nailon monofilamento 4-0 con aguja curva cortante 3/8 de 20 mm x 45 cm (piel)","Sobre",27.3,240,{"v":6552,"d":"6,552"},0,0,0,0,0,0,0,0,0,0,240,{"v":6552,"d":"6,552"},33,0,"7.3","7.3",0,0,213]
[null,"21024106014","Sutura de nailon monofilamento 5-0 con aguja curva cortante 3/8 de 13 mm x 45 cm (tendones)","Sobre",1220.97,13,{"v":15872.61,"d":"15,873"},48,{"v":58606.56,"d":"58,607"},0,0,24,{"v":29303.28,"d":"29,303"},0,0,0,0,37,{"v":45175.89,"d":"45,176"},31,0,"1.2","1.2",25,30524.25,410]
[null,"21024106016","Sutura de nailon monofilamento 5-0 con aguja curva cortante 3/8 de 20 mm x 45 cm (piel)","Sobre",48.94,108,{"v":5285.52,"d":"5,286"},0,0,0,0,0,0,0,0,0,0,108,{"v":5285.52,"d":"5,286"},48,0,"2.3","2.3",0,0,411]
[null,"21024106017","Sutura de nailon monofilamento 6-0 con aguja curva cortante 3/8 de 13 mm x 45 cm (piel)","Sobre",31.35,144,{"v":4514.4,"d":"4,514"},0,0,0,0,0,0,0,0,0,0,144,{"v":4514.4,"d":"4,514"},24,0,"6.0","6.0",0,0,214]
[null,"21024108004","Sutura de polipropileno 2-0  con aguja curva cortante 3/8 de 26 mm x 45 cm","Sobre",1850,96,{"v":177600,"d":"177,600"},0,0,0,0,0,0,0,0,0,0,96,{"v":177600,"d":"177,600"},0,0,"00","00",0,0,611]
[null,"21024108005","Sutura de polipropileno 2-0 con aguja curva roma 1/2 de 26 mm x 75 cm (gastrointestinal/fascia)","Sobre",64.54,0,0,48,{"v":3097.92,"d":"3,098"},0,0,0,0,0,0,0,0,48,{"v":3097.92,"d":"3,098"},30,0,"1.6","1.6",12,774.48,412]
[null,"21024108010","Sutura de polipropileno 4-0 con aguja curva roma 1/2 de 17 mm x 75 cm","Sobre",42.11,48,{"v":2021.28,"d":"2,021"},0,0,0,0,0,0,0,0,0,0,48,{"v":2021.28,"d":"2,021"},24,0,"2.0","2.0",0,0,1014]
[null,"21024110002","Sutura de seda esteril 0 con aguja curva roma 1/2 de 26 mm x 75 cm","Sobre",35.59,768,{"v":27333.12,"d":"27,333"},0,0,0,0,0,0,0,0,0,0,768,{"v":27333.12,"d":"27,333"},0,0,"00","00",0,0,215]
[null,"21024110003","Sutura de seda esteril 1-0 con aguja curva roma 1/2 de 26 mm x 75 cm (conductos y vasos)","Sobre",35.59,180,{"v":6406.2,"d":"6,406"},0,0,0,0,0,0,0,0,0,0,180,{"v":6406.2,"d":"6,406"},0,0,"00","00",0,0,784]
[null,"21024110004","Sutura de seda esteril 2-0 con aguja curva cortante de 3/8 de 26 mm x 45 cm","Sobre",26.4,0,0,120,{"v":3168,"d":"3,168"},0,0,0,0,0,0,0,0,120,{"v":3168,"d":"3,168"},0,0,"00","00",0,0,1345]
[null,"21024110013","Sutura de seda esteril 2-0 con aguja curva cortante de 3/8 de 26 mm x 75 cm","Sobre",40.8,144,{"v":5875.2,"d":"5,875"},0,0,0,0,0,0,0,0,0,0,144,{"v":5875.2,"d":"5,875"},48,0,"3.0","3.0",0,0,613]
[null,"21024110009","Sutura de seda esteril 3-0 con aguja curva roma 1/2 de 22 mm x 75 cm (gastrointestinal)","Sobre",37.28,408,{"v":15210.24,"d":"15,210"},0,0,0,0,0,0,0,0,0,0,408,{"v":15210.24,"d":"15,210"},24,0,"17.0","17.0",0,0,216]
[null,"21024110011","Sutura de seda esteril 4-0 con aguja curva roma 1/2 de 26 mm x 75 cm(conductos y vasos)","Sobre",31.08,120,{"v":3729.6,"d":"3,730"},0,0,0,0,0,0,0,0,0,0,120,{"v":3729.6,"d":"3,730"},0,0,"00","00",0,0,218]
[null,"21024110012","Sutura de seda esteril 5-0 con aguja curva-roma 1/2 de 17 mm x 75 cm (conductos y vasos)","Sobre",35.93,144,{"v":5173.92,"d":"5,174"},0,0,0,0,0,0,0,0,0,0,144,{"v":5173.92,"d":"5,174"},0,0,"00","00",0,0,219]
[null,"21120106002","Tablilla para inmovilizacion de tobillo (m)","Unidad",36.3,76,{"v":2758.8,"d":"2,759"},100,{"v":3630,"d":"3,630"},0,0,0,0,0,0,0,0,176,{"v":6388.8,"d":"6,389"},58,0,"3.0","3.0",0,0,1273]
[null,"21120106003","Tablilla para inmovilizacion de tobillo (s)","Unidad",31.9,100,{"v":3190,"d":"3,190"},175,{"v":5582.5,"d":"5,583"},0,0,75,{"v":2392.5,"d":"2,393"},0,0,0,0,200,{"v":6380,"d":"6,380"},75,0,"2.7","2.7",0,0,1342]
[null,"20943901003","Termometro digital","Unidad",89.82,20,{"v":1796.4,"d":"1,796"},40,{"v":3592.8,"d":"3,593"},0,0,40,{"v":3592.8,"d":"3,593"},0,0,0,0,20,{"v":1796.4,"d":"1,796"},34,0,"0.6","0.6",48,4311.36,772]
[null,"20943901001","Termometro oral","Unidad",200,0,0,0,0,0,0,0,0,0,0,0,0,0,0,75,0,"0.0","0.0",150,30000,175]
[null,"21029704001","Tirillas p/ glucometro caja x 50","Caja",255.82,{"v":2004,"d":"2,004"},{"v":512663.28,"d":"512,663"},0,0,0,0,100,{"v":25582,"d":"25,582"},0,0,0,0,{"v":1904,"d":"1,904"},{"v":487081.28,"d":"487,081"},113,0,"16.8","2.5",0,0,414]
[null,"21547901001","Traje desechable (overol de cuerpo completo) m","Caja",0.01,977,{"v":9.77,"d":"10"},0,0,0,0,0,0,0,0,0,0,977,{"v":9.77,"d":"10"},14,0,"69.8","53.0",0,0,421]
[null,"21045802002","Tubo de drenaje toraxico n° 12 fr","Empaque",1328.57,9,{"v":11957.13,"d":"11,957"},0,0,0,0,0,0,0,0,0,0,9,{"v":11957.13,"d":"11,957"},5,0,"1.8","1.8",1,1328.57,1244]
[null,"21045802003","Tubo de drenaje toraxico n° 14 fr","Empaque",159,9,{"v":1431,"d":"1,431"},0,0,0,0,0,0,0,0,0,0,9,{"v":1431,"d":"1,431"},3,0,"3.0","0.0",0,0,1156]
[null,"21045802004","Tubo de drenaje toraxico n° 16 fr","Empaque",0,0,0,0,0,0,0,0,0,0,0,0,0,0,0,5,0,"0.0","0.0",10,0,417]
[null,"21045802005","Tubo de drenaje toraxico n° 20 fr","Empaque",728.5,8,{"v":5828,"d":"5,828"},0,0,0,0,0,0,0,0,0,0,8,{"v":5828,"d":"5,828"},2,2,"4.0","0.0",0,0,618]
[null,"21045802008","Tubo de drenaje toraxico n° 8 fr","Empaque",0,0,0,0,0,0,0,0,0,0,0,0,0,0,0,5,0,"0.0","0.0",10,0,418]
[null,"20245801001","Tubo endotraqueal  descartable n° 7.5 con balon","Empaque",54.5,20,{"v":1090,"d":"1,090"},0,0,0,0,0,0,0,0,10,545,10,545,0,0,"00","00",0,0,155]
[null,"20245801002","Tubo endotraqueal descartable n° 10 con balon","Empaque",0,0,0,0,0,0,0,0,0,0,0,0,0,0,0,10,0,"0.0","0.0",20,0,454]
[null,"20245801004","Tubo endotraqueal descartable n° 2.5 sin balon","Empaque",21.56,90,{"v":1940.4,"d":"1,940"},0,0,0,0,0,0,0,0,0,0,90,{"v":1940.4,"d":"1,940"},10,0,"9.0","9.0",0,0,389]
[null,"20245801005","Tubo endotraqueal descartable n° 3.0 sin balon","Empaque",83.33,10,{"v":833.3,"d":"833"},0,0,0,0,0,0,0,0,0,0,10,{"v":833.3,"d":"833"},15,0,"0.7","0.0",20,1666.6,156]
[null,"20245801006","Tubo endotraqueal descartable n° 3.5 sin balon","Empaque",49.5,20,990,20,990,0,0,0,0,0,0,0,0,40,{"v":1980,"d":"1,980"},17,0,"2.4","2.4",0,0,157]
[null,"20245801007","Tubo endotraqueal descartable n° 4.0 sin balon","Empaque",22.64,33,{"v":747.12,"d":"747"},0,0,0,0,0,0,0,0,0,0,33,{"v":747.12,"d":"747"},17,0,"1.9","1.9",1,22.64,390]
[null,"20245801008","Tubo endotraqueal descartable n° 4.5 con balon","Empaque",44.38,0,0,30,{"v":1331.4,"d":"1,331"},0,0,20,{"v":887.6,"d":"888"},0,0,0,0,10,{"v":443.8,"d":"444"},17,0,"0.6","0.6",24,1065.12,158]
[null,"20245801009","Tubo endotraqueal descartable n° 5 con balon","Empaque",88,0,0,0,0,0,0,0,0,0,0,0,0,0,0,14,0,"0.0","0.0",28,2464,159]
[null,"20245801010","Tubo endotraqueal descartable n° 5.5 con balon","Empaque",52.8,0,0,20,{"v":1056,"d":"1,056"},0,0,0,0,0,0,0,0,20,{"v":1056,"d":"1,056"},9,0,"2.2","2.2",0,0,160]
[null,"20245801011","Tubo endotraqueal descartable n° 6.5 con balon","Empaque",0,1,0,0,0,0,0,0,0,0,0,0,0,1,0,20,0,"0.1","0.1",39,0,791]
[null,"20245801012","Tubo endotraqueal descartable n° 7.0 con balon","Empaque",83.33,20,{"v":1666.6,"d":"1,667"},0,0,0,0,0,0,0,0,0,0,20,{"v":1666.6,"d":"1,667"},10,0,"2.0","2.0",0,0,600]
[null,"20245801013","Tubo endotraqueal descartable n° 8.0 con balon","Empaque",28.14,9,{"v":253.26,"d":"253"},10,{"v":281.4,"d":"281"},0,0,0,0,0,0,0,0,19,{"v":534.66,"d":"535"},5,0,"3.8","3.8",0,0,161]
[null,"20245801015","Tubo endotraqueal descartable n° 9.0 con balon","Empaque",13.5,15,{"v":202.5,"d":"203"},0,0,0,0,0,0,0,0,0,0,15,{"v":202.5,"d":"203"},0,0,"00","00",0,0,391]
[null,"20245801017","Tubo endotraqueal descartable nº 6.0 con balon","Empaque",0,0,0,0,0,0,0,0,0,0,0,0,0,0,0,23,0,"0.0","0.0",46,0,162]
[null,"21046702009","Venda de yeso 4\" x 5 yd","Sobre",20.52,72,{"v":1477.44,"d":"1,477"},0,0,0,0,24,{"v":492.48,"d":"492"},0,0,0,0,48,{"v":984.96,"d":"985"},21,0,"2.3","2.3",0,0,716]
[null,"21046702013","Venda de yeso 6\" x 5 yd","Sobre",40.44,123,{"v":4974.12,"d":"4,974"},0,0,0,0,24,{"v":970.56,"d":"971"},0,0,0,0,99,{"v":4003.56,"d":"4,004"},27,0,"3.7","3.7",0,0,253]
[null,"21046701003","Venda elastica 4\" x 5 yd","Funda",182.09,54,{"v":9832.86,"d":"9,833"},48,{"v":8740.32,"d":"8,740"},0,0,24,{"v":4370.16,"d":"4,370"},0,0,0,0,78,{"v":14203.02,"d":"14,203"},28,0,"2.8","2.8",0,0,250]
[null,"21046701005","Venda elastica 6\" x 5 yd","Funda",21.87,0,0,0,0,0,0,0,0,0,0,0,0,0,0,26,0,"0.0","0.0",52,1137.24,251]
[null,"21047601001","Zapato de cirugia descartable","Caja",2.25,50,{"v":112.5,"d":"113"},600,{"v":1350,"d":"1,350"},0,0,0,0,0,0,0,0,650,{"v":1462.5,"d":"1,463"},686,0,"0.9","0.9",722,1624.5,419]
[null,"OP5","AGUJA EPIDURAL NO. 23 UNIDAD","Unidad",178,50,{"v":8900,"d":"8,900"},0,0,0,0,0,0,0,0,0,0,50,{"v":8900,"d":"8,900"},5,0,"10.0","10.0",0,0,472]
[null,"OM111","Agujas Hipodermicas 18g x 1","Unidad",4.75,900,{"v":4275,"d":"4,275"},0,0,0,0,0,0,0,0,0,0,900,{"v":4275,"d":"4,275"},150,0,"6.0","6.0",0,0,1225]
[null,"OM100","Albendazol 400 mg/10ml suspension sobres (Dosis unica)","Unidad",4.56,150,684,0,0,0,0,0,0,0,0,0,0,150,684,20,0,"7.5","7.5",0,0,1139]
[null,"OM80","Albuterol 2.5 mg/3ml para nebulizar inhalacion Ampollas","Unidad",90.99,0,0,0,0,0,0,0,0,0,0,0,0,0,0,91,0,"0.0","0.0",182,16560.18,957]
[null,"OM74","ANESTESIA 3% LIDOCAINA OD","Caja",1247,8,{"v":9976,"d":"9,976"},0,0,0,0,0,0,0,0,0,0,8,{"v":9976,"d":"9,976"},0,0,"00","00",0,0,938]
[null,"OM141","ANFOTERICINA B X1 VIAL","Vial",5800,0,0,0,0,0,0,0,0,0,0,0,0,0,0,14,0,"0.0","0.0",28,162400,1334]
[null,"OM104","BRAZALETES PACIENTE VERDE ADULTOS","Unidad",8.5,{"v":1100,"d":"1,100"},{"v":9350,"d":"9,350"},0,0,0,0,0,0,0,0,0,0,{"v":1100,"d":"1,100"},{"v":9350,"d":"9,350"},100,0,"11.0","11.0",0,0,1172]
[null,"OM71","BUDESODIDA 0.75 MG/3ML/ NEBULIZAR-SOL.","Unidad",170.8,717,{"v":122463.6,"d":"122,464"},0,0,0,0,429,{"v":73273.2,"d":"73,273"},0,0,0,0,288,{"v":49190.4,"d":"49,190"},277,0,"1.0","1.0",266,45432.8,932]
[null,"OM49","budesonida p/nebulizar 0.25 mg/ml ampolla","Unidad",0,0,0,0,0,0,0,0,0,0,0,0,0,0,0,120,0,"0.0","0.0",240,0,710]
[null,"OM82","budesonide 0.75 mg neb/inhalacion","Unidad",0,0,0,0,0,0,0,0,0,0,0,0,0,0,0,83,0,"0.0","0.0",166,0,966]
[null,"OM126","CLONIDINA, TABLETA, 0.1MG","Tableta",23.56,0,0,0,0,0,0,0,0,0,0,0,0,0,0,60,0,"0.0","0.0",120,2827.2,1297]
[null,"OM117","CLORURO DE SODIO 0.45%, BOLSA X 1000 ML, UNIDAD","Bolsa",167.68,0,0,0,0,0,0,0,0,0,0,0,0,0,0,86,0,"0.0","0.0",172,28840.96,1248]
[null,"OM118","CLORURO DE SODIO 0.45%, FRASCO X 500 ML, UNIDAD","Frasco",150,0,0,0,0,0,0,0,0,0,0,0,0,0,0,60,0,"0.0","0.0",120,18000,1250]
[null,"OM110","Dexketoprofeno Trometamol 50 mg/2ml Iny","Unidad",312,0,0,0,0,0,0,0,0,0,0,0,0,0,0,5,0,"0.0","0.0",10,3120,1224]
[null,"OM45","DILUENTE 20 LITROS 5 PARTES MEDMAY (1)","Unidad",7108,0,0,0,0,0,0,0,0,0,0,0,0,0,0,1,0,"0.0","0.0",2,14216,565]
[null,"OM135","DIPIRONA","Unidad",129.97,30,{"v":3899.1,"d":"3,899"},0,0,0,0,30,{"v":3899.1,"d":"3,899"},0,0,0,0,0,0,25,0,"0.0","0.0",50,6498.5,1310]
[null,"OP27","DISCO DE SENSIBILIDAD FOSFOMICINA FOS-200 200MCG  V/50 LAB","Unidad",408,3,{"v":1224,"d":"1,224"},0,0,0,0,0,0,0,0,0,0,3,{"v":1224,"d":"1,224"},0,0,"00","00",0,0,505]
[null,"OP25","DISCO DE SENSIBILIDAD GENTAMICINA 10 MCG /50 BD LAB","Unidad",402,3,{"v":1206,"d":"1,206"},0,0,0,0,0,0,0,0,0,0,3,{"v":1206,"d":"1,206"},0,0,"00","00",0,0,498]
[null,"OM99","Enoxaparina 40 mg/0.4 ml Jeringa recargable IV","Unidad",151.8,79,{"v":11992.2,"d":"11,992"},10,{"v":1518,"d":"1,518"},0,0,0,0,0,0,0,0,89,{"v":13510.2,"d":"13,510"},0,0,"00","00",0,0,1137]
[null,"OM60","ENTEROGERMINA","Unidad",138.55,0,0,0,0,0,0,0,0,0,0,0,0,0,0,60,0,"0.0","0.0",120,16626,922]
[null,"OM95","ENTEROGERMINA 2000 millones (2 millardos)/5 mL Suspensión oral","Unidad",0,0,0,0,0,0,0,0,0,0,0,0,0,0,0,45,0,"0.0","0.0",90,0,1027]
[null,"OM38","EYECTOR PLASTICO ENDODONTICO DE SALIVA 1X100 JPS PAQUETES","Empaque",274.41,5,{"v":1372.05,"d":"1,372"},0,0,0,0,0,0,0,0,0,0,5,{"v":1372.05,"d":"1,372"},0,0,"00","00",0,0,514]
[null,"OM106","fentanilo 0.05/ml 0,0785 x1 ml ampolla","Unidad",76.98,0,0,0,0,0,0,0,0,0,0,0,0,0,0,50,0,"0.0","0.0",100,7698,1178]
[null,"OM56","Glutapak- R","Unidad",1353.2,0,0,0,0,0,0,0,0,0,0,0,0,0,0,20,0,"0.0","0.0",40,54128,917]
[null,"OM67","hidroclorotiazida 25 mg ORAL","Unidad",0.6,200,120,0,0,0,0,0,0,0,0,0,0,200,120,0,0,"00","00",0,0,929]
[null,"OM131","IMIPENEM + CILASTATINA SODICA INY.500MG VIAL","Vial",148.46,328,{"v":48694.88,"d":"48,695"},0,0,0,0,0,0,0,0,0,0,328,{"v":48694.88,"d":"48,695"},0,0,"00","00",0,0,1306]
[null,"OM129","ION-K ELIXIR 240ML","Unidad",4975.05,0,0,0,0,0,0,0,0,0,0,0,0,0,0,10,0,"0.0","0.0",20,99501,1301]
[null,"OM102","Isoniazida+Rifampicina 300+300 mg tabletas","Unidad",0,0,0,0,0,0,0,0,0,0,0,0,0,0,0,{"v":1740,"d":"1,740"},0,"0.0","0.0",{"v":3480,"d":"3,480"},0,1153]
[null,"OM132","ITRACONAZOL 100MG BLISTER UNIDAD","Cápsula",2.08,100,208,0,0,0,0,0,0,0,0,0,0,100,208,0,0,"00","00",0,0,1307]
[null,"OM77","ketorolaco 60mg/2ml inyectable","Unidad",8.39,200,{"v":1678,"d":"1,678"},0,0,0,0,0,0,0,0,0,0,200,{"v":1678,"d":"1,678"},108,0,"1.9","1.9",16,134.24,942]
[null,"OM96","Lactulosa jarabe 66.7 g/100 ml/240 ml.","Unidad",205.15,34,{"v":6975.1,"d":"6,975"},0,0,0,0,0,0,0,0,0,0,34,{"v":6975.1,"d":"6,975"},7,0,"4.9","4.9",0,0,1073]
[null,"OM116","Levetiracetam 500 mg amp iny unidad","Unidad",4477.6,0,0,0,0,0,0,0,0,0,0,0,0,0,0,38,0,"0.0","0.0",76,340297.6,1238]
[null,"OM86","levofloxacina 500 mg/100 ml infusion frasco vial","Unidad",32.8,199,{"v":6527.2,"d":"6,527"},0,0,0,0,0,0,0,0,0,0,199,{"v":6527.2,"d":"6,527"},0,0,"00","00",0,0,968]
[null,"OM120","LISOZIMA 250 MG, 30 CAPSULAS","Cápsula",0,0,0,0,0,0,0,0,0,0,0,0,0,0,0,80,0,"0.0","0.0",160,0,1251]
[null,"OP7","LUBRICANTE GEL TUBO 80 G UNIDAD","Tubo",44.09,0,0,0,0,0,0,0,0,0,0,0,0,0,0,22,25,"0.0","0.0",44,1939.96,474]
[null,"OM97","metronidazol benzoato suspension frasco 120 ml","Unidad",43.38,0,0,0,0,0,0,0,0,0,0,0,0,0,0,6,0,"0.0","0.0",12,520.56,1074]
[null,"OM48","milrinona 1 mg/ml frasco inyectable","Unidad",0,0,0,0,0,0,0,0,0,0,0,0,0,0,0,10,0,"0.0","0.0",20,0,707]
[null,"OM133","NIFEDIPINA 20MG BLISTER UNIDAD","Cápsula",0.2,0,0,0,0,0,0,0,0,0,0,0,0,0,0,100,0,"0.0","0.0",200,40,1308]
[null,"OP9","NITROGLICERINA 0.4 MG/ HR PANCHE UNIDAD","Unidad",1.25,30,{"v":37.5,"d":"38"},0,0,0,0,0,0,0,0,0,0,30,{"v":37.5,"d":"38"},0,0,"00","00",0,0,476]
[null,"OM92","Nor-Crezinc Jarabe","Unidad",0,0,0,0,0,0,0,0,0,0,0,0,0,0,0,4,0,"0.0","0.0",8,0,1024]
[null,"OM81","Olanzapina 10 mg inyectable intra.","Unidad",4325,0,0,0,0,0,0,0,0,0,0,0,0,0,0,30,0,"0.0","0.0",60,259500,958]
[null,"OM121","ONDANSETRON INYRCCION BP 8 MG/4ML, VIAL, UND","Vial",713.82,0,0,0,0,0,0,0,0,0,0,0,0,0,0,10,0,"0.0","0.0",20,14276.4,1252]
[null,"OM113","Papel para esterilizar envolturas de gasas.","Unidad",14880,4,{"v":59520,"d":"59,520"},0,0,0,0,0,0,0,0,0,0,4,{"v":59520,"d":"59,520"},0,0,"00","00",0,0,1233]
[null,"OM123","PENICILINA G. CRISTALINA INY.IM 1,000,000 UI, VIAL","Vial",15.4,100,{"v":1540,"d":"1,540"},0,0,0,0,0,0,0,0,0,0,100,{"v":1540,"d":"1,540"},0,0,"00","00",0,0,1294]
[null,"OM122","PIPERAZINA JARABE 120 ML, UNIDAD","Unidad",149.08,2,{"v":298.16,"d":"298"},0,0,0,0,0,0,0,0,0,0,2,{"v":298.16,"d":"298"},3,0,"0.7","0.7",4,596.32,1279]
[null,"OM119","PLEUROVAC, UNIDAD","Unidad",3792.86,0,0,0,0,0,0,0,0,0,0,0,0,0,0,5,0,"0.0","0.0",10,37928.6,1249]
[null,"OM59","PREGABALINA 75 MG ORAL","Unidad",1.32,0,0,0,0,0,0,0,0,0,0,0,0,0,0,100,0,"0.0","0.0",200,264,921]
[null,"OM98","Prueba treponemica frascos","Unidad",0,10,0,10,0,0,0,0,0,0,0,0,0,20,0,0,0,"00","00",0,0,1092]
[null,"OM134","ROCURONIO, AMPOLLA, UNIDAD","Ampolla",2043.08,0,0,0,0,0,0,0,0,0,0,0,0,0,0,20,0,"0.0","0.0",40,81723.2,1311]
[null,"OM125","SILDENALFIL 50MG","Unidad",625.6,0,0,0,0,0,0,0,0,0,0,0,0,0,0,20,0,"0.0","0.0",40,25024,1296]
[null,"OM127","SISTEMA DE DRENAJE DE HERIDA JP 200ML","Unidad",700,0,0,0,0,0,0,0,0,0,0,0,0,0,0,10,0,"0.0","0.0",20,14000,1298]
[null,"OM83","Sucralfato 1g polvo granulado sobres","Unidad",16.5,40,660,0,0,0,0,0,0,0,0,0,0,40,660,53,0,"0.8","0.8",66,1089,963]
[null,"OP14","TIRILLA PARA GLUCOMENTRO UNIDAD","Unidad",1550,1,{"v":1550,"d":"1,550"},0,0,0,0,0,0,0,0,0,0,1,{"v":1550,"d":"1,550"},75,150,"0.0","0.0",149,230950,487]
[null,"OM44","TIRILLAS DE ORINA (106)","Unidad",1047.93,74,{"v":77546.82,"d":"77,547"},0,0,0,0,0,0,0,0,0,0,74,{"v":77546.82,"d":"77,547"},13,0,"5.7","4.6",0,0,564]
[null,"OM137","VALACOCLOVIR 500MG X1","Unidad",323,0,0,0,0,0,0,0,0,0,0,0,0,0,0,30,0,"0.0","0.0",60,19380,1312]
[null,"OM130","VASOPRESINA 20UI INY 10ML","Unidad",3000,0,0,0,0,0,0,0,0,0,0,0,0,0,0,10,0,"0.0","0.0",20,60000,1302]
[null,"OM136","VECURONIO, AMPOLLA, UNIDAD","Ampolla",1595.08,0,0,0,0,0,0,0,0,0,0,0,0,0,0,20,0,"0.0","0.0",40,63803.2,1313]
[null,"OM114","Verapamilo 80 mg iny Amp.","Unidad",100,0,0,0,0,0,0,0,0,0,0,0,0,0,0,100,0,"0.0","0.0",200,20000,1234]
[null,"OM107","VITAMINAS NEUROTROPICAS+DEXAMETASONA B1 100+B6,B12. INY","Unidad",52.25,5,{"v":261.25,"d":"261"},0,0,0,0,3,{"v":156.75,"d":"157"},0,0,0,0,2,{"v":104.5,"d":"105"},5,2,"0.4","0.4",8,418,1206]
[null,"OI589","Aceite de higado de bacalao emulsion 0.10+0.15/ml fcos","Unidad",0,0,0,0,0,0,0,0,0,0,0,0,0,0,0,10,0,"0.0","0.0",20,0,1188]
[null,"OI302","acido acetilisalicilico tabl.325 mg","Unidad",1.31,440,{"v":576.4,"d":"576"},0,0,0,0,0,0,0,0,0,0,440,{"v":576.4,"d":"576"},50,0,"8.8","8.0",0,0,771]
[null,"OI159","ACIDO URICO LQ 3X30ML CAJA","Unidad",5596,1,{"v":5596,"d":"5,596"},0,0,0,0,0,0,0,0,0,0,1,{"v":5596,"d":"5,596"},0,0,"00","00",0,0,730]
[null,"OI647","AGAR GC","Unidad",17819.08,2,{"v":35638.16,"d":"35,638"},0,0,0,0,0,0,0,0,0,0,2,{"v":35638.16,"d":"35,638"},0,0,"00","00",0,0,1337]
[null,"OI646","AGAR MONITOR SALADO","Unidad",10377.85,2,{"v":20755.7,"d":"20,756"},0,0,0,0,0,0,0,0,0,0,2,{"v":20755.7,"d":"20,756"},0,0,"00","00",0,0,1336]
[null,"OI161","AGUJA EPIDURAL NO.16 CAJA","Unidad",76.67,120,{"v":9200.4,"d":"9,200"},0,0,0,0,0,0,0,0,0,0,120,{"v":9200.4,"d":"9,200"},0,0,"00","00",0,0,599]
[null,"OI322","AGUJA RAQUIDEA #22 50/1","Unidad",0,0,0,0,0,0,0,0,0,0,0,0,0,0,0,50,0,"0.0","0.0",100,0,804]
[null,"OI188","ALGINATO CROMATICO IMPRESION DENTAL FUNDA","Unidad",406,2,812,0,0,0,0,0,0,0,0,0,0,2,812,0,0,"00","00",0,0,635]
[null,"OI383","ALGINATOS ALGINPLUS  OD","Unidad",750,1,750,0,0,0,0,0,0,0,0,0,0,1,750,0,0,"00","00",0,0,832]
[null,"OI343","ALGODON ROLLO CAJA 1X2000 ADEL-PRODUCT OD","Unidad",391.5,62,{"v":24273,"d":"24,273"},0,0,0,0,0,0,0,0,0,0,62,{"v":24273,"d":"24,273"},0,0,"00","00",0,0,833]
[null,"OI344","ALGODON ROLLO TORUNDA CAJA 1X2000","Unidad",1280,234,{"v":299520,"d":"299,520"},0,0,0,0,0,0,0,0,0,0,234,{"v":299520,"d":"299,520"},0,0,"00","00",0,0,834]
[null,"OI180","AMILASA LQ-CNPG3 6X30 ML UNIDAD","Caja",20527,1,{"v":20527,"d":"20,527"},0,0,0,0,0,0,0,0,0,0,1,{"v":20527,"d":"20,527"},0,0,"00","00",0,0,624]
[null,"OI591","Amiodarona clorhidrato 200 mg Ampolla","Unidad",0,0,0,0,0,0,0,0,0,0,0,0,0,0,0,10,0,"0.0","0.0",20,0,1192]
[null,"OI619","ANT-B FCOS LAB","Unidad",350,1,350,0,0,0,0,0,0,0,0,0,0,1,350,0,0,"00","00",0,0,1227]
[null,"OI426","ANT-D TIPIFICACION LAB","Unidad",576.4,6,{"v":3458.4,"d":"3,458"},0,0,0,0,0,0,0,0,0,0,6,{"v":3458.4,"d":"3,458"},0,0,"00","00",0,0,940]
[null,"ON8","ANTI HUMAN GLOBULIN GREEN","Unidad",616,1,616,0,0,0,0,0,0,0,0,0,0,1,616,0,0,"00","00",0,0,264]
[null,"OI154","ANTI-A TIPIFICACION CAJA (16)","Unidad",494.2,7,{"v":3459.4,"d":"3,459"},0,0,0,0,0,0,0,0,0,0,7,{"v":3459.4,"d":"3,459"},0,0,"00","00",0,0,591]
[null,"OI341","APLICADOR MICROBRUSH EXTRAFINO ADEL OD","Unidad",330,3,990,0,0,0,0,0,0,0,0,0,0,3,990,0,0,"00","00",0,0,831]
[null,"OI460","ARCO NITINOL NATURAL 0.12 SUP Y YAMEI 1X10 OD","Unidad",950,4,{"v":3800,"d":"3,800"},0,0,0,0,0,0,0,0,0,0,4,{"v":3800,"d":"3,800"},0,0,"00","00",0,0,999]
[null,"OI153","ASO TEST KIT (22)","Unidad",2100,1,{"v":2100,"d":"2,100"},0,0,0,0,0,0,0,0,0,0,1,{"v":2100,"d":"2,100"},0,0,"00","00",0,0,590]
[null,"OI567","BAJANTE DE INFUSION AGILIA VL-ST22","Unidad",0,60,0,0,0,0,0,0,0,0,0,0,0,60,0,81,0,"0.7","0.7",102,0,1127]
[null,"OI571","BAJANTE DE SUERO AGILIA VLST02","Unidad",0,0,0,0,0,0,0,0,0,0,0,0,0,0,0,150,0,"0.0","0.0",300,0,1132]
[null,"OI546","BANDA MATRIX 1/4 7X0.0.5CM.","Unidad",180,1,180,0,0,0,0,0,0,0,0,0,0,1,180,0,0,"00","00",0,0,1111]
[null,"OI297","BASE IT 2G OD CAJA","Unidad",1165,6,{"v":6990,"d":"6,990"},0,0,0,0,0,0,0,0,0,0,6,{"v":6990,"d":"6,990"},0,0,"00","00",0,0,761]
[null,"OI420","BAXTER BAJANTE DE SANGRE 2C7462 SOBRE","Unidad",0,61,0,0,0,0,0,0,0,0,0,0,0,61,0,0,0,"00","00",0,0,913]
[null,"OI422","BAXTER BAJANTE PARA TRANSFUSION 2C8751","Unidad",0,40,0,0,0,0,0,0,0,0,0,0,0,40,0,0,0,"00","00",0,0,914]
[null,"OI194","BILIRRUBINA TOTALES 5X25/1X3 CAJA","Unidad",6928.57,0,0,0,0,0,0,0,0,0,0,0,0,0,0,1,0,"0.0","0.0",2,13857.14,643]
[null,"OI365","BIODINAMICA PARAMONOCLOROFENOL OD","Unidad",620,1,620,0,0,0,0,0,0,0,0,0,0,1,620,0,0,"00","00",0,0,864]
[null,"OI615","Biperideno hidrocloruro  2 mg   (Akinetón)","Unidad",2800,0,0,0,0,0,0,0,0,0,0,0,0,0,0,1,0,"0.0","0.0",2,5600,1219]
[null,"ON79","BOLSA DE CADAVER","Unidad",1,11,11,0,0,0,0,0,0,0,0,0,0,11,11,18,0,"0.6","0.6",25,25,423]
[null,"OI566","BOMBA DE INFUSION VOLUMAT AGILIA VP-MC-CO","Unidad",0,0,0,0,0,0,0,0,0,0,0,0,0,0,0,15,0,"0.0","0.0",30,0,1126]
[null,"OI252","BOTAS BLANCA","Unidad",0.01,56,{"v":0.56,"d":"1"},0,0,0,0,0,0,0,0,0,0,56,{"v":0.56,"d":"1"},6,0,"9.3","9.3",0,0,700]
[null,"OI586","BRAZALETE PEDIATRICO VERDE INDENTIFICACION","Unidad",0,0,0,0,0,0,0,0,0,600,0,0,0,600,0,0,0,"00","00",0,0,1177]
[null,"OI592","CALCIO REACTIVO PTT FCOS.","Unidad",1640,0,0,0,0,0,0,0,0,0,0,0,0,0,0,1,0,"0.0","0.0",2,3280,1193]
[null,"OI264","CALIBRADOR DIRECTO 4X0.5ML LB. CAJA","Unidad",0,0,0,0,0,0,0,0,0,0,0,0,0,0,0,75,0,"0.0","0.0",150,0,726]
[null,"OI95","CANULA DE MAYO 50MM 5CM","Unidad",42.47,1,{"v":42.47,"d":"42"},0,0,0,0,0,0,0,0,0,0,1,{"v":42.47,"d":"42"},10,0,"0.1","0.0",19,806.93,526]
[null,"OI96","CANULA DE MAYO 60MM-5CM","Unidad",0,0,0,0,0,0,0,0,0,0,0,0,0,0,0,10,0,"0.0","0.0",20,0,527]
[null,"OI261","CANULA DE MAYO GUEDEL 100mm ROJA PQ","Unidad",41.12,90,{"v":3700.8,"d":"3,701"},0,0,0,0,0,0,0,0,0,0,90,{"v":3700.8,"d":"3,701"},10,0,"9.0","9.0",0,0,723]
[null,"ON80","CANULA DE MAYO GUEDEL NO 3.5 000-30CM","Unidad",0,0,0,0,0,0,0,0,0,0,0,0,0,0,0,10,0,"0.0","0.0",20,0,424]
[null,"OI262","CANULA DE MAYO GUEDEL No. 90mm AMARILLA PQ","Unidad",45,1,45,0,0,0,0,0,0,0,0,0,0,1,45,10,0,"0.1","0.1",19,855,724]
[null,"OI313","CANULA DE MAYO GUEDEL NO.000 -30MM-CM CAJA","Unidad",0,0,0,0,0,0,0,0,0,0,0,0,0,0,0,10,0,"0.0","0.0",20,0,796]
[null,"OI260","CANULA DE MAYO GUEDEL No.000 mm 3.5cm PQ","Unidad",43.1,25,{"v":1077.5,"d":"1,078"},0,0,0,0,0,0,0,0,0,0,25,{"v":1077.5,"d":"1,078"},10,0,"2.5","2.5",0,0,722]
[null,"OI258","CANULA DE MAYO N0.1 60MM-6CM PQ","Unidad",0,0,0,0,0,0,0,0,0,0,0,0,0,0,0,10,0,"0.0","0.0",20,0,720]
[null,"OI259","CANULA DE MAYO NO. 00# 50 MM PQ","Unidad",60,0,0,0,0,0,0,0,0,0,0,0,0,0,0,8,0,"0.0","0.0",16,960,721]
[null,"OI610","CANULA DE MAYO No.3","Unidad",60,0,0,0,0,0,0,0,0,0,0,0,0,0,0,8,0,"0.0","0.0",16,960,1212]
[null,"OI608","CANULA DE MAYO No.4","Unidad",60,301,{"v":18060,"d":"18,060"},0,0,0,0,0,0,0,0,0,0,301,{"v":18060,"d":"18,060"},16,0,"18.8","0.0",0,0,1213]
[null,"OI607","CANULA DE MAYO No.5","Unidad",0,0,0,0,0,0,0,0,0,0,0,0,0,0,0,5,0,"0.0","0.0",10,0,1214]
[null,"OI577","CARTUCHO P/MAQ.GASES ARTERIALES UNIDAD","Caja",550,175,{"v":96250,"d":"96,250"},0,0,0,0,100,{"v":55000,"d":"55,000"},0,0,0,0,75,{"v":41250,"d":"41,250"},110,0,"0.7","0.7",145,79750,1146]
[null,"OI595","Cateter corto periferico jelco No.18","Unidad",50.25,300,{"v":15075,"d":"15,075"},0,0,0,0,0,0,0,0,0,0,300,{"v":15075,"d":"15,075"},50,0,"6.0","6.0",0,0,1195]
[null,"OI596","Cateter corto periferico jelco No.20","Unidad",50.25,150,{"v":7537.5,"d":"7,538"},0,0,0,0,0,0,0,0,0,0,150,{"v":7537.5,"d":"7,538"},67,0,"2.2","2.2",0,0,1196]
[null,"OI597","Cateter corto periferico jelco No.22","Unidad",39.31,350,{"v":13758.5,"d":"13,759"},0,0,0,0,0,0,0,0,0,0,350,{"v":13758.5,"d":"13,759"},67,0,"5.2","5.2",0,0,1197]
[null,"OI598","Cateter corto periferico jelco No.24","Unidad",55.13,0,0,0,0,0,0,0,0,0,0,0,0,0,0,200,0,"0.0","0.0",400,22052,1198]
[null,"OI225","CATETER DE SUCCION No. 14 PAQUETE","Unidad",0,0,0,0,0,0,0,0,0,0,0,0,0,0,0,5,0,"0.0","0.0",10,0,666]
[null,"OI533","CATETER DE SUCCION NO.18","Unidad",0,0,0,0,0,0,0,0,0,0,0,0,0,0,0,8,0,"0.0","0.0",16,0,1099]
[null,"OI590","Cateter Jelco No. 24","Unidad",50.25,0,0,0,0,0,0,0,0,0,0,0,0,0,0,50,0,"0.0","0.0",100,5025,1190]
[null,"OI376","CEMENTO RESINOSO FOTOCURABLE ALL CEM CORE FGM  OD","Unidad",4120,1,{"v":4120,"d":"4,120"},0,0,0,0,0,0,0,0,0,0,1,{"v":4120,"d":"4,120"},0,0,"00","00",0,0,848]
[null,"OI167","CEPILLO HUMEDOS DE CIRUJANOS CAJA","Unidad",15.83,50,{"v":791.5,"d":"792"},0,0,0,0,0,0,0,0,0,0,50,{"v":791.5,"d":"792"},37,0,"1.4","1.4",24,379.92,605]
[null,"OI491","CERA ROSADA LAMINA OD.","Unidad",27.33,14,{"v":382.62,"d":"383"},0,0,0,0,0,0,0,0,0,0,14,{"v":382.62,"d":"383"},0,0,"00","00",0,0,1040]
[null,"OI165","CIRCUITOS CON BOLSA PARA MAQUINA DE ANESTESIA KIT","Unidad",1558.21,14,{"v":21814.94,"d":"21,815"},0,0,0,0,0,0,0,0,0,0,14,{"v":21814.94,"d":"21,815"},9,0,"1.6","1.6",4,6232.84,602]
[null,"ON6","CLEANSER CONCENTRATE","Unidad",2950,1,{"v":2950,"d":"2,950"},0,0,0,0,0,0,0,0,0,0,1,{"v":2950,"d":"2,950"},0,0,"00","00",0,0,273]
[null,"OI138","COLESTEROL -LQ 6X30ML CAJA (31)","Unidad",7509.27,4,{"v":30037.08,"d":"30,037"},0,0,0,0,0,0,0,0,0,0,4,{"v":30037.08,"d":"30,037"},1,0,"4.0","4.0",0,0,581]
[null,"OI251","CONECTORES DE ARBOLITOS CAJA","Unidad",250,0,0,0,0,0,0,0,0,0,0,0,0,0,0,28,0,"0.0","0.0",56,14000,770]
[null,"OI363","CONO DE PAPEL #30 META (B5)  OD","Unidad",152.54,10,{"v":1525.4,"d":"1,525"},0,0,0,0,0,0,0,0,0,0,10,{"v":1525.4,"d":"1,525"},0,0,"00","00",0,0,866]
[null,"OI510","CONO PAPEL 45-80 OD","Unidad",252.45,1,{"v":252.45,"d":"252"},0,0,0,0,0,0,0,0,0,0,1,{"v":252.45,"d":"252"},0,0,"00","00",0,0,1060]
[null,"OI437","CONO PAPEL NO.40 META","Unidad",445,4,{"v":1780,"d":"1,780"},0,0,0,0,0,0,0,0,0,0,4,{"v":1780,"d":"1,780"},0,0,"00","00",0,0,977]
[null,"OI183","CUBRE OBJETO MICROSCOPE COVER CAJA","Unidad",1.68,{"v":1000,"d":"1,000"},{"v":1680,"d":"1,680"},0,0,0,0,0,0,0,0,0,0,{"v":1000,"d":"1,000"},{"v":1680,"d":"1,680"},0,0,"00","00",0,0,628]
[null,"OI169","CURITAS FLEXIBLE ALARGADA CAJA","Unidad",23.67,10,{"v":236.7,"d":"237"},0,0,0,0,0,0,0,0,0,0,10,{"v":236.7,"d":"237"},0,0,"00","00",0,0,606]
[null,"OI181","CURITAS REDONDAS LAB UNIDAD","Caja",18.22,50,911,0,0,0,0,0,0,0,0,0,0,50,911,752,0,"0.1","0.1",{"v":1454,"d":"1,454"},26491.88,626]
[null,"ON16","DENGUE (MEMBRANA)","Unidad",6900,110,{"v":759000,"d":"759,000"},0,0,0,0,0,0,0,0,0,0,110,{"v":759000,"d":"759,000"},0,0,"00","00",0,0,279]
[null,"OI406","DENTALASTIC LIGATURE TIE ASST 1X40 IMD  OD","Unidad",490,5,{"v":2450,"d":"2,450"},0,0,0,0,0,0,0,0,0,0,5,{"v":2450,"d":"2,450"},0,0,"00","00",0,0,903]
[null,"OI202","DISCO DE SENSIBILIDAD CEFTRIAXONA CAJA LB","Unidad",410,3,{"v":1230,"d":"1,230"},0,0,0,0,0,0,0,0,0,0,3,{"v":1230,"d":"1,230"},0,0,"00","00",0,0,646]
[null,"OI213","DISCO DE SENSIBILIDAD PIPERACELINA/TAX LB CAJA","Unidad",420,3,{"v":1260,"d":"1,260"},0,0,0,0,0,0,0,0,0,0,3,{"v":1260,"d":"1,260"},0,0,"00","00",0,0,654]
[null,"OI214","DISCO DE SENSIBILIDAD TOBRAMICINA LB CAJA","Unidad",411,3,{"v":1233,"d":"1,233"},0,0,0,0,0,0,0,0,0,0,3,{"v":1233,"d":"1,233"},0,0,"00","00",0,0,655]
[null,"OI579","DISCO SENSIBILIDAD OPTOQUINA LAB","Unidad",450,2,900,0,0,0,0,0,0,0,0,0,0,2,900,0,0,"00","00",0,0,1148]
[null,"OI628","ENEMA FLEET ADULTO, UNIDAD","Frasco",329.85,7,{"v":2308.95,"d":"2,309"},0,0,0,0,0,0,0,0,0,0,7,{"v":2308.95,"d":"2,309"},3,0,"2.3","2.3",0,0,1278]
[null,"OI627","ENEMA FLEET PEDIATRICO, UNIDAD","Frasco",416,0,0,0,0,0,0,0,0,0,0,0,0,0,0,6,0,"0.0","0.0",12,4992,1277]
[null,"OI621","Es-citalopram 20 mg comprimido","Unidad",129.6,0,0,0,0,0,0,0,0,0,0,0,0,0,0,30,0,"0.0","0.0",60,7776,1230]
[null,"OI385","ESPEJO CON MANGO VISTA FRONTAL MILTEX   OD","Unidad",3,89,267,0,0,0,0,0,0,0,0,0,0,89,267,0,0,"00","00",0,0,894]
[null,"OI309","Estetoscopio","Unidad",1019,1,{"v":1019,"d":"1,019"},0,0,0,0,0,0,0,0,0,0,1,{"v":1019,"d":"1,019"},0,0,"00","00",0,0,789]
[null,"OI616","Estoquinete","Unidad",1200,0,0,0,0,0,0,0,0,0,0,0,0,0,0,4,0,"0.0","0.0",8,9600,1222]
[null,"OI282","EUGENOL PREVEST 15ML OD CAJA","Unidad",320,3,960,0,0,0,0,0,0,0,0,0,0,3,960,0,0,"00","00",0,0,745]
[null,"OI537","formaldehido (formal) 40% GALON/FCOS","Unidad",0,0,0,0,0,0,0,0,0,0,0,0,0,0,0,2,0,"0.0","0.0",4,0,1103]
[null,"ON19","FOSFATASA ALCALINA","Unidad",5656,1,{"v":5656,"d":"5,656"},0,0,0,0,0,0,0,0,0,0,1,{"v":5656,"d":"5,656"},0,0,"00","00",0,0,285]
[null,"OI129","FRASCO DE TAPA ROJA ESTERILES (47)","Unidad",16.9,{"v":10500,"d":"10,500"},{"v":177450,"d":"177,450"},0,0,0,0,0,0,0,0,0,0,{"v":10500,"d":"10,500"},{"v":177450,"d":"177,450"},20,0,"525.0","37.0",0,0,562]
[null,"ON20","FRASCO ESTERIL","Unidad",12.32,346,{"v":4262.72,"d":"4,263"},0,0,0,0,0,0,0,0,0,0,346,{"v":4262.72,"d":"4,263"},0,0,"00","00",0,0,286]
[null,"OI346","FRESA 1014 REDONDA MEDIANA MICRODONT OD","Unidad",28,21,588,0,0,0,0,0,0,0,0,0,0,21,588,0,0,"00","00",0,0,835]
[null,"OI345","FRESA 1016 REDONDA MICRODON OD","Unidad",125,10,{"v":1250,"d":"1,250"},0,0,0,0,0,0,0,0,0,0,10,{"v":1250,"d":"1,250"},0,0,"00","00",0,0,836]
[null,"OI170","FRESA ALTA 3118 PULIDO LLAMA MICRODONT (8) CAJA","Unidad",28,20,560,0,0,0,0,0,0,0,0,0,0,20,560,0,0,"00","00",0,0,612]
[null,"OI269","FRESA CARBURO FG NO 702C PRIMA DENTAL CAJA","Unidad",195,4,780,0,0,0,0,0,0,0,0,0,0,4,780,0,0,"00","00",0,0,732]
[null,"OI492","FRESA DIAMANTADA KGS FG 1034 OD","Unidad",112.27,16,{"v":1796.32,"d":"1,796"},0,0,0,0,0,0,0,0,0,0,16,{"v":1796.32,"d":"1,796"},0,0,"00","00",0,0,1041]
[null,"OI431","FRESA FG 2200FF MICROOODNT","Unidad",59.5,6,357,0,0,0,0,0,0,0,0,0,0,6,357,0,0,"00","00",0,0,971]
[null,"OI399","FRESA QUIRURGICA  RG-702 USA  OD","Unidad",110,10,{"v":1100,"d":"1,100"},0,0,0,0,0,0,0,0,0,0,10,{"v":1100,"d":"1,100"},0,0,"00","00",0,0,840]
[null,"OI497","FRESA QUIRURGICA FG NO.7O2 MICRODONT","Unidad",246.19,6,{"v":1477.14,"d":"1,477"},0,0,0,0,0,0,0,0,0,0,6,{"v":1477.14,"d":"1,477"},0,0,"00","00",0,0,1046]
[null,"OI400","FRESA QUIRURGICA FG-702 USA  OD","Unidad",156,10,{"v":1560,"d":"1,560"},0,0,0,0,0,0,0,0,0,0,10,{"v":1560,"d":"1,560"},0,0,"00","00",0,0,841]
[null,"OI348","FRESA SHOFU BLANCA BESQUAL OD","Unidad",90,10,900,0,0,0,0,0,0,0,0,0,0,10,900,0,0,"00","00",0,0,842]
[null,"OI288","FRESON METALICO HP OD CAJA","Unidad",350,5,{"v":1750,"d":"1,750"},0,0,0,0,0,0,0,0,0,0,5,{"v":1750,"d":"1,750"},0,0,"00","00",0,0,752]
[null,"OI564","Gasa precortada 4x4 sobres","Unidad",8.5,263,{"v":2235.5,"d":"2,236"},0,0,0,0,0,0,0,0,10,85,253,{"v":2150.5,"d":"2,151"},100,0,"2.5","2.5",0,0,1124]
[null,"OI638","GEL LUBRICANTE CARPOL 0.350G+ GLICERINA 0.85ML/100G","Unidad",45.1,50,{"v":2255,"d":"2,255"},200,{"v":9020,"d":"9,020"},0,0,0,0,0,0,0,0,250,{"v":11275,"d":"11,275"},0,0,"00","00",0,0,1305]
[null,"OI88","GLUCOMETROS APARATO UNIDAD","Unidad",0,0,0,0,0,0,0,0,0,0,0,0,0,0,0,2,0,"0.0","0.0",4,0,518]
[null,"OI114","GRABADO ACIDO FOSFORICO 37% AZUL 12G *41*","Unidad",209.74,2,{"v":419.48,"d":"419"},0,0,0,0,0,0,0,0,0,0,2,{"v":419.48,"d":"419"},0,0,"00","00",0,0,544]
[null,"OI463","GUANTE NITRILOS CAJA OD","Unidad",333.27,4,{"v":1333.08,"d":"1,333"},0,0,0,0,0,0,0,0,0,0,4,{"v":1333.08,"d":"1,333"},0,0,"00","00",0,0,1002]
[null,"OI356","GUTTA PERCHA PROTAPER F1,F2,F3 OD","Unidad",650,3,{"v":1950,"d":"1,950"},0,0,0,0,0,0,0,0,0,0,3,{"v":1950,"d":"1,950"},0,0,"00","00",0,0,856]
[null,"OI271","GUTTAPERCHA NO.15/40 SPIDENT CAJA","Unidad",351.77,1,{"v":351.77,"d":"352"},0,0,0,0,0,0,0,0,0,0,1,{"v":351.77,"d":"352"},0,0,"00","00",0,0,734]
[null,"ON24","HBSAG (MEMBRANA)","Unidad",3320,5,{"v":16600,"d":"16,600"},0,0,0,0,0,0,0,0,0,0,5,{"v":16600,"d":"16,600"},1,0,"5.0","5.0",0,0,290]
[null,"ON25","HCG (MEMBRANA)","Unidad",1600,50,{"v":80000,"d":"80,000"},0,0,0,0,0,0,0,0,0,0,50,{"v":80000,"d":"80,000"},0,0,"00","00",0,0,291]
[null,"ON26","HDL","Kit",32934.06,2,{"v":65868.12,"d":"65,868"},0,0,0,0,0,0,0,0,0,0,2,{"v":65868.12,"d":"65,868"},0,0,"00","00",0,0,292]
[null,"ON27","HEMOCULTIVO (ADULTO)","Kit",237,0,0,0,0,0,0,0,0,0,0,0,0,0,0,2,0,"0.0","0.0",4,948,293]
[null,"ON28","HEMOCULTIVO (PEDIATRICO)","Paquete",208,0,0,0,0,0,0,0,0,0,0,0,0,0,0,7,0,"0.0","0.0",14,2912,294]
[null,"OI620","Hilo de sutura monocryl No. 4","Unidad",129.6,168,{"v":21772.8,"d":"21,773"},0,0,0,0,0,0,0,0,0,0,168,{"v":21772.8,"d":"21,773"},0,0,"00","00",0,0,1229]
[null,"OI624","Hilo Monocryl no. 3.0 crg","Unidad",129.6,24,{"v":3110.4,"d":"3,110"},0,0,0,0,0,0,0,0,0,0,24,{"v":3110.4,"d":"3,110"},48,0,"0.5","0.5",72,9331.2,1237]
[null,"OI126","HISOPOS TRANCULT ESTERILES (64)","Unidad",2027,900,{"v":1824300,"d":"1,824,300"},0,0,0,0,0,0,0,0,0,0,900,{"v":1824300,"d":"1,824,300"},0,0,"00","00",0,0,558]
[null,"ON30","HIV DETERMINE SET (MEMBRANA)","Unidad",1320,300,{"v":396000,"d":"396,000"},0,0,0,0,0,0,0,0,0,0,300,{"v":396000,"d":"396,000"},100,0,"3.0","3.0",0,0,296]
[null,"ON31","HIV UNI GOLD","Unidad",1350,60,{"v":81000,"d":"81,000"},0,0,0,0,0,0,0,0,0,0,60,{"v":81000,"d":"81,000"},0,0,"00","00",0,0,297]
[null,"OI611","HOJA DE BISTURI NO.10 CON MANGO","Unidad",104.14,0,0,0,0,0,0,0,0,0,0,0,0,0,0,23,0,"0.0","0.0",46,4790.44,1215]
[null,"OI612","HOJA DE BISTURI NO.20 CON MANGO","Unidad",0,20,0,0,0,0,0,0,0,0,0,0,0,20,0,0,0,"00","00",0,0,1216]
[null,"OI617","Isoniazida300 mg/Rifapentina 300 mg Tabletas frascos","Unidad",0,0,0,0,0,0,0,0,0,0,0,0,0,0,0,984,0,"0.0","0.0",{"v":1968,"d":"1,968"},0,1223]
[null,"OI648","ISOPOS ESTERILES","Empaque",1046.15,2,{"v":2092.3,"d":"2,092"},0,0,0,0,0,0,0,0,0,0,2,{"v":2092.3,"d":"2,092"},0,0,"00","00",0,0,1338]
[null,"OI645","ISOVITALEX","Unidad",17868.31,3,{"v":53604.93,"d":"53,605"},0,0,0,0,0,0,0,0,0,0,3,{"v":53604.93,"d":"53,605"},0,0,"00","00",0,0,1335]
[null,"OI255","JABON NEUTRO GALON UNIDAD","Caja",1810,8,{"v":14480,"d":"14,480"},0,0,0,0,0,0,0,0,0,0,8,{"v":14480,"d":"14,480"},0,0,"00","00",0,0,703]
[null,"OI642","JERINGA DESCARTABLE DE 50ML HIPODERMICA","Unidad",0,50,0,0,0,0,0,0,0,0,0,0,0,50,0,0,0,"00","00",0,0,1327]
[null,"OI641","JERINGA DESCARTABLE DE 50ML X21G. 1 1/2","Unidad",0,275,0,0,0,0,0,0,0,0,0,0,0,275,0,50,0,"5.5","5.5",0,0,1328]
[null,"OI643","JERINGA DESCARTABLE DE INSULINA 1ML CON AGUJA 29GX12.7","Unidad",0,200,0,0,0,0,0,0,0,0,0,0,0,200,0,0,0,"00","00",0,0,1330]
[null,"OI640","JERINGA DESCARTABLE DE INSULINA 1ML CON AGUJA 31 5ML 5/16","Unidad",0,500,0,0,0,0,0,0,0,0,0,0,0,500,0,0,0,"00","00",0,0,1329]
[null,"ON72","JERINGA PARA DEPOVERA","Unidad",0,0,0,0,0,0,0,0,0,0,0,0,0,0,0,40,0,"0.0","0.0",80,0,300]
[null,"OI603","jeringuilla 50 ml x1 sin agujas","Unidad",36.74,30,{"v":1102.2,"d":"1,102"},0,0,0,0,0,0,0,0,0,0,30,{"v":1102.2,"d":"1,102"},0,0,"00","00",0,0,1208]
[null,"OI622","Lamotrigina 50 mg tabletas","Unidad",72.2,0,0,0,0,0,0,0,0,0,0,0,0,0,0,30,0,"0.0","0.0",60,4332,1231]
[null,"OI195","LDH-LQ IFCC. KINETIC-UV 5X25 ML CAJA","Unidad",5171,1,{"v":5171,"d":"5,171"},0,0,0,0,0,0,0,0,0,0,1,{"v":5171,"d":"5,171"},0,0,"00","00",0,0,644]
[null,"OI174","LLAVES DE TRES VIAS","Unidad",29.42,95,{"v":2794.9,"d":"2,795"},50,{"v":1471,"d":"1,471"},0,0,0,0,0,0,0,0,145,{"v":4265.9,"d":"4,266"},35,0,"4.1","4.1",0,0,617]
[null,"OI644","LUBRICANTE GEL TUBO 60 G UNIDAD","Unidad",0,179,0,0,0,0,0,0,0,0,0,0,0,179,0,25,0,"7.2","7.2",0,0,1331]
[null,"OI528","M-53 (I) LEO 1 LTROS LAB FRASCO","Unidad",9258.86,0,0,0,0,0,0,0,0,0,0,0,0,0,0,1,0,"0.0","0.0",2,18517.72,1084]
[null,"OI614","MASCARILLA CPR","Unidad",890,0,0,0,0,0,0,0,0,0,0,0,0,0,0,13,0,"0.0","0.0",26,23140,1218]
[null,"OI430","MASCARILLA LARINGEA I-GEL NO.4 50-90KG","Unidad",0,0,0,0,0,0,0,0,0,0,0,0,0,0,0,10,0,"0.0","0.0",20,0,954]
[null,"OI317","MASCARILLAS LARINGEAS No.1","Unidad",0,0,0,0,0,0,0,0,0,0,0,0,0,0,0,10,0,"0.0","0.0",20,0,799]
[null,"OI320","MASCARILLAS LARINGEAS No.2.5","Unidad",0,0,0,0,0,0,0,0,0,0,0,0,0,0,0,7,0,"0.0","0.0",14,0,801]
[null,"OI319","MASCARILLAS LARINGEAS No.3","Unidad",0,0,0,0,0,0,0,0,0,0,0,0,0,0,0,10,0,"0.0","0.0",20,0,802]
[null,"OI305","Mascarillas para anestesia Adulto RCI PAQ","Unidad",0,0,0,0,0,0,0,0,0,0,0,0,0,0,0,20,0,"0.0","0.0",40,0,774]
[null,"OI480","MATERIAL BASE FOTO EN JERINGA SPIDENT OD","Unidad",1113,6,{"v":6678,"d":"6,678"},0,0,0,0,0,0,0,0,0,0,6,{"v":6678,"d":"6,678"},0,0,"00","00",0,0,1029]
[null,"OI275","MODELINA BARRA VERDE 1X12 OD CAJA","Unidad",1150,1,{"v":1150,"d":"1,150"},0,0,0,0,0,0,0,0,0,0,1,{"v":1150,"d":"1,150"},0,0,"00","00",0,0,738]
[null,"OI444","MODELING RESINA BISCO 1X2","Unidad",1450,1,{"v":1450,"d":"1,450"},0,0,0,0,0,0,0,0,0,0,1,{"v":1450,"d":"1,450"},0,0,"00","00",0,0,984]
[null,"OI623","Ondansetron tabletas 8 mg","Unidad",349.5,0,0,0,0,0,0,0,0,0,0,0,0,0,0,1,0,"0.0","0.0",2,699,1228]
[null,"OI185","OTOSCOPIO UNDAD","Unidad",52569,1,{"v":52569,"d":"52,569"},0,0,0,0,0,0,0,0,0,0,1,{"v":52569,"d":"52,569"},0,0,"00","00",0,0,631]
[null,"OI90","Oxímetros de pulso","Unidad",0,4,0,0,0,0,0,0,0,0,0,0,0,4,0,4,0,"1.0","0.0",4,0,521]
[null,"OI535","Pañal para adulto (m)","Unidad",0,0,0,0,0,0,0,0,0,0,0,0,0,0,0,10,0,"0.0","0.0",20,0,1101]
[null,"OI334","PAPEL ARTICULAR BK80 OD","Unidad",336.51,10,{"v":3365.1,"d":"3,365"},0,0,0,0,0,0,0,0,0,0,10,{"v":3365.1,"d":"3,365"},0,0,"00","00",0,0,817]
[null,"OI493","PAPEL ARTICULAR RECTO OD","Unidad",336.5,2,673,0,0,0,0,0,0,0,0,0,0,2,673,0,0,"00","00",0,0,1042]
[null,"OI92","PAPEL DE EKG ROLLO NO.12","Unidad",654,21,{"v":13734,"d":"13,734"},0,0,0,0,0,0,0,0,0,0,21,{"v":13734,"d":"13,734"},0,0,"00","00",0,0,523]
[null,"ON37","PCR","Unidad",1550,8,{"v":12400,"d":"12,400"},0,0,0,0,0,0,0,0,0,0,8,{"v":12400,"d":"12,400"},0,0,"00","00",0,0,310]
[null,"OI152","PCR TEST KIT (79)","Unidad",2100,4,{"v":8400,"d":"8,400"},0,0,0,0,0,0,0,0,0,0,4,{"v":8400,"d":"8,400"},2,0,"2.0","2.0",0,0,589]
[null,"OI425","PERMETRINA LOCION","Unidad",0,0,0,0,0,0,0,0,0,0,0,0,0,0,0,3,0,"0.0","0.0",6,0,916]
[null,"OI568","PIES DE SUERO NIQUELADO DOS GANCHOS","Unidad",0,5,0,0,0,0,0,0,0,0,0,0,0,5,0,0,0,"00","00",0,0,1128]
[null,"OI256","PIPETAS PARA ERITRO UNIDAD","Caja",46,550,{"v":25300,"d":"25,300"},0,0,0,0,0,0,0,0,0,0,550,{"v":25300,"d":"25,300"},76,0,"7.2","7.2",0,0,704]
[null,"OI207","PLACAS DE PEDRI 2 DIVISIONES LB CAJA","Unidad",7149.93,1,{"v":7149.93,"d":"7,150"},0,0,0,0,0,0,0,0,0,0,1,{"v":7149.93,"d":"7,150"},0,0,"00","00",0,0,658]
[null,"OI327","PLASMA COAGULASA LAB.","Unidad",30890.31,2,{"v":61780.62,"d":"61,781"},0,0,0,0,0,0,0,0,0,0,2,{"v":61780.62,"d":"61,781"},0,0,"00","00",0,0,810]
[null,"ON38","PORTA OBJETO","Paquete",463.21,{"v":1572,"d":"1,572"},{"v":728166.12,"d":"728,166"},0,0,0,0,0,0,0,0,0,0,{"v":1572,"d":"1,572"},{"v":728166.12,"d":"728,166"},0,0,"00","00",0,0,312]
[null,"OI530","QUITA FRESA STANDARD","Unidad",281.2,2,{"v":562.4,"d":"562"},0,0,0,0,0,0,0,0,0,0,2,{"v":562.4,"d":"562"},0,0,"00","00",0,0,1090]
[null,"OI116","RESINA ESMALTE A2/B2 BRILLANT *21*","Unidad",690,2,{"v":1380,"d":"1,380"},0,0,0,0,0,0,0,0,0,0,2,{"v":1380,"d":"1,380"},0,0,"00","00",0,0,547]
[null,"OI121","RESINA ESMALTE A3/B3 BRILLANTE *43*","Unidad",690,2,{"v":1380,"d":"1,380"},0,0,0,0,0,0,0,0,0,0,2,{"v":1380,"d":"1,380"},0,0,"00","00",0,0,551]
[null,"OI543","RESINA FLOW A3.5","Unidad",395,2,790,0,0,0,0,0,0,0,0,0,0,2,790,0,0,"00","00",0,0,1109]
[null,"OI119","RESINA FLOW A3.5/B3 BRILLANTINA *42*","Unidad",520,1,520,0,0,0,0,0,0,0,0,0,0,1,520,0,0,"00","00",0,0,548]
[null,"OI381","RESINA LUNA A3.5  OD","Unidad",388,1,388,0,0,0,0,0,0,0,0,0,0,1,388,0,0,"00","00",0,0,886]
[null,"OI629","SET 2 ACCESOS, BAJANTE DE INFUSION AGILIA VL-ST22","Unidad",0,60,0,50,0,0,0,50,0,0,0,0,0,60,0,50,0,"1.2","1.2",40,0,1280]
[null,"OI601","SET DE ENTENSION TIPO Y EXTENSION 32..103675","Unidad",0,250,0,0,0,0,0,0,0,0,0,0,0,250,0,0,0,"00","00",0,0,1205]
[null,"OI626","SET DE INFUSION CONTINUO (AGILIA VLST02)","Unidad",0,490,0,600,0,0,0,330,0,0,0,0,0,760,0,250,0,"3.0","3.0",0,0,1275]
[null,"OI599","SET DE INFUSION MICROGOTERO BURETRA AGILIA VLPA92","Unidad",0,260,0,0,0,0,0,0,0,0,0,0,0,260,0,0,0,"00","00",0,0,1203]
[null,"OI625","SET DE TRANSFUSION SANGUINEA, LINEA DE INFUCION AGILIA (VLTR00)","Unidad",0,720,0,0,0,0,0,0,0,0,0,0,0,720,0,30,0,"24.0","18.0",0,0,1276]
[null,"OI600","SET LINEA FOTOSENSIBLES DE INFUSION EPIDURAL AGILIA VL-ON90","Unidad",0,60,0,0,0,0,0,0,0,0,0,0,0,60,0,0,0,"00","00",0,0,1204]
[null,"OI273","SILICOCONA I-SIL LIGT DOBY SPIDENT CAJA OD","Unidad",1781,1,{"v":1781,"d":"1,781"},0,0,0,0,0,0,0,0,0,0,1,{"v":1781,"d":"1,781"},0,0,"00","00",0,0,736]
[null,"OI368","SILICONA ELITE HD+GRUESA ZHERMACK  OD","Unidad",4892,1,{"v":4892,"d":"4,892"},0,0,0,0,0,0,0,0,0,0,1,{"v":4892,"d":"4,892"},0,0,"00","00",0,0,871]
[null,"OI594","Sonda de alimentación nasogástrica CORFLO ULTRA Lite de 6 Fr. 22 levin ped.","Unidad",890.47,0,0,0,0,0,0,0,0,0,0,0,0,0,0,7,0,"0.0","0.0",14,12466.58,1199]
[null,"OI155","SUTURA HILO CROMICO NO.5 CAJA","Unidad",38.24,0,0,0,0,0,0,0,0,0,0,0,0,0,0,40,0,"0.0","0.0",80,3059.2,592]
[null,"OI649","TABLA PARA INMOVILIZAR SMALL","Unidad",31.9,25,{"v":797.5,"d":"798"},0,0,0,0,25,{"v":797.5,"d":"798"},0,0,0,0,0,0,58,25,"0.0","0.0",116,3700.4,1339]
[null,"OI157","TABLILLAS PARA CANALIZAR SMOLL CAJA","Unidad",41.46,66,{"v":2736.36,"d":"2,736"},0,0,0,0,49,{"v":2031.54,"d":"2,032"},0,0,0,0,17,{"v":704.82,"d":"705"},123,0,"0.1","0.1",229,9494.34,594]
[null,"OI122","TERMOMETRO INFLAROJO","Unidad",780,97,{"v":75660,"d":"75,660"},0,0,0,0,0,0,0,0,0,0,97,{"v":75660,"d":"75,660"},1,0,"97.0","2.0",0,0,553]
[null,"OI340","TIRA DE LIJA POLIESTER 1X100 RITE-DENT OD","Unidad",472,2,944,0,0,0,0,0,0,0,0,0,0,2,944,0,0,"00","00",0,0,828]
[null,"OI481","TIRA LIJA DE METAL DOBLE CARA 6 MM 1X12 OD","Unidad",423.56,2,{"v":847.12,"d":"847"},0,0,0,0,0,0,0,0,0,0,2,{"v":847.12,"d":"847"},0,0,"00","00",0,0,1030]
[null,"OI290","TIRA LIJA METAL 6MM 1X12 MICRODONT OD CAJA","Unidad",290,1,290,0,0,0,0,0,0,0,0,0,0,1,290,0,0,"00","00",0,0,756]
[null,"OI478","TORNIQUETES PLANOS LAB","Unidad",126.5,0,0,0,0,0,0,0,0,0,0,0,0,0,0,2,0,"0.0","0.0",4,506,1018]
[null,"OI127","TP ACTIN (10)","Unidad",700,0,0,0,0,0,0,0,0,0,0,0,0,0,0,4,0,"0.0","0.0",8,5600,559]
[null,"OI139","TRIGLICERIDOS GPO-POD 6X30ML CAJA (109)","Unidad",12453.63,0,0,0,0,0,0,0,0,0,0,0,0,0,0,1,0,"0.0","0.0",2,24907.26,575]
[null,"OI482","TUBO DE BONDABLE NO.6 0.22 PAQUETES OD.","Unidad",170,1,170,0,0,0,0,0,0,0,0,0,0,1,170,0,0,"00","00",0,0,1031]
[null,"OI112","TUBO DE DRENAJE TORAXICO NO. 16","Unidad",1328.57,0,0,0,0,0,0,0,0,0,0,0,0,0,0,4,0,"0.0","0.0",8,10628.56,541]
[null,"OI97","TUBO DE DRENAJE TORAXICO NO.28","Unidad",144.16,8,{"v":1153.28,"d":"1,153"},0,0,0,0,0,0,0,0,0,0,8,{"v":1153.28,"d":"1,153"},2,0,"4.0","4.0",0,0,528]
[null,"OI98","TUBO DE DRENAJE TORAXICO NO.32","Unidad",0,0,0,0,0,0,0,0,0,0,0,0,0,0,0,2,0,"0.0","0.0",4,0,529]
[null,"OI573","TUBO DRENAJE TORAXICO NO.24","Unidad",728.58,0,0,0,0,0,0,0,0,0,0,0,0,0,0,3,0,"0.0","0.0",6,4371.48,1134]
[null,"OI613","TUBO ENDOTRAQUEAL CON BALON 4.","Unidad",83.33,60,{"v":4999.8,"d":"5,000"},0,0,0,0,0,0,0,0,0,0,60,{"v":4999.8,"d":"5,000"},10,0,"6.0","6.0",0,0,1217]
[null,"OI605","TUBO ENDOTRAQUEAL CON BALON3.5","Unidad",87.36,0,0,0,0,0,0,0,0,0,0,0,0,0,0,10,0,"0.0","0.0",20,1747.2,1210]
[null,"OI606","TUBO ENDOTRAQUEAL No. 2 CON BALON","Unidad",83.33,180,{"v":14999.4,"d":"14,999"},0,0,0,0,0,0,0,0,0,0,180,{"v":14999.4,"d":"14,999"},0,0,"00","00",0,0,1211]
[null,"OI588","Tubo endotraqueal No.3.5 c/ balon","Unidad",88,26,{"v":2288,"d":"2,288"},0,0,0,0,0,0,0,0,0,0,26,{"v":2288,"d":"2,288"},0,0,"00","00",0,0,1187]
[null,"OI438","TUBO ROTH SIMPLE C/GANP/ CEM NO.16","Unidad",625,0,0,0,0,0,0,0,0,0,0,0,0,0,0,1,0,"0.0","0.0",2,1250,978]
[null,"OI125","TUBO TAPA AZUL (113)","Unidad",547.93,0,0,0,0,0,0,0,0,0,0,0,0,0,0,1,0,"0.0","0.0",2,1095.86,556]
[null,"ON83","TUBO TAPA MORADA","Unidad",512,0,0,0,0,0,0,0,0,0,0,0,0,0,0,354,0,"0.0","0.0",708,362496,447]
[null,"ON54","TUBO TAPA ROJA","Paquete",749.97,5,{"v":3749.85,"d":"3,750"},0,0,0,0,0,0,0,0,0,0,5,{"v":3749.85,"d":"3,750"},0,0,"00","00",0,0,331]
[null,"OI123","TUBO TAPA ROJA 7ML (120)","Unidad",850,0,0,0,0,0,0,0,0,0,0,0,0,0,0,400,0,"0.0","0.0",800,680000,555]
[null,"OI501","TURBINA PUSH BOTON, DELMA OD.","Unidad",6160,1,{"v":6160,"d":"6,160"},0,0,0,0,0,0,0,0,0,0,1,{"v":6160,"d":"6,160"},0,0,"00","00",0,0,1050]
[null,"OI293","ULTRASONIDO UDS-A LED WOODPECKER OD CAJA","Unidad",12800,1,{"v":12800,"d":"12,800"},0,0,0,0,0,0,0,0,0,0,1,{"v":12800,"d":"12,800"},0,0,"00","00",0,0,757]
[null,"ON55","UREA","Unidad",0,234,0,0,0,0,0,0,0,0,0,0,0,234,0,0,0,"00","00",0,0,332]
[null,"OI584","UREA CALDO REACTIVO LAB","Unidad",8300,0,0,0,0,0,0,0,0,0,0,0,0,0,0,1,0,"0.0","0.0",2,16600,1154]
[null,"ON56","VDRL CARBON","Unidad",1850,0,0,0,0,0,0,0,0,0,0,0,0,0,0,2,0,"0.0","0.0",4,7400,333]
[null,"OI240","VENDA ELASTICA 2X5 COBAN 2 PULGADA 1/100 CAJA","Unidad",81.02,20,{"v":1620.4,"d":"1,620"},0,0,0,0,0,0,0,0,0,0,20,{"v":1620.4,"d":"1,620"},36,0,"0.6","0.6",52,4213.04,682]
[null,"OI241","VENDA ELASTICA 4X5 COBAN 4 PULGADA 1/36 CAJA","Unidad",245,0,0,0,0,0,0,0,0,0,0,0,0,0,0,10,0,"0.0","0.0",20,4900,683]
[null,"OI242","VENDA KERLIX 4.5X4.1 .1/12 CAJA","Unidad",145,11,{"v":1595,"d":"1,595"},0,0,0,0,0,0,0,0,0,0,11,{"v":1595,"d":"1,595"},0,0,"00","00",0,0,684]
[null,"OI436","VIOPEX 2.2G HIDROXIDO CALCIO CON YODOFORMO","Unidad",1650,2,{"v":3300,"d":"3,300"},0,0,0,0,0,0,0,0,0,0,2,{"v":3300,"d":"3,300"},0,0,"00","00",0,0,976]
[null,"OI520","XILOL PAPANICOLAOU SOLUCION GALON.","Unidad",3200,1,{"v":3200,"d":"3,200"},0,0,0,0,0,0,0,0,0,0,1,{"v":3200,"d":"3,200"},0,0,"00","00",0,0,1070]
[null,"OI384","YESO PIEDRA AMARILLO LIBRA","Unidad",130,3,390,0,0,0,0,0,0,0,0,0,0,3,390,0,0,"00","00",0,0,893]
[]
[null,"Observaciones:",{"$nulls":15},"Firma:"]
[]
[]
[]
[null,"Responsable:","JOSE MIGUEL MESA ROMERO"]